<?xml version="1.0" encoding="UTF-8"?>
<record
    xmlns:xsi="http://www.w3.org/2001/XMLSchema-instance"
    xsi:schemaLocation="http://www.loc.gov/MARC21/slim http://www.loc.gov/standards/marcxml/schema/MARC21slim.xsd"
    xmlns="http://www.loc.gov/MARC21/slim">

  <leader>01380nas a2200241 454500</leader>
  <controlfield tag="001">38677</controlfield>
  <controlfield tag="005">20260407193510.0</controlfield>
  <controlfield tag="008">260407s1971####ag###########|||spa#d</controlfield>
  <controlfield tag="003">AR-UNSa-BCEJYS</controlfield>
  <datafield tag="040" ind1=" " ind2=" ">
    <subfield code="a">AR-UNSa-BCEJYS</subfield>
    <subfield code="b">spa</subfield>
    <subfield code="c">AR-UNSa-BCEJYS</subfield>
  </datafield>
  <datafield tag="080" ind1=" " ind2=" ">
    <subfield code="a">070</subfield>
    <subfield code="x">Peri&#xF3;dicos. La prensa. Periodismo</subfield>
  </datafield>
  <datafield tag="245" ind1="1" ind2="0">
    <subfield code="a">Noticias de la Rep&#xFA;blica de China</subfield>
  </datafield>
  <datafield tag="022" ind1=" " ind2=" ">
    <subfield code="a">0255-9846</subfield>
  </datafield>
  <datafield tag="264" ind1=" " ind2="1">
    <subfield code="a">Taipei :</subfield>
    <subfield code="b">Kwang Hwa</subfield>
    <subfield code="c">1971</subfield>
  </datafield>
  <datafield tag="310" ind1=" " ind2=" ">
    <subfield code="a">Frecuencia: Trimensual
Cambia de Director a partir del Vol. 26, N&#xBA; 24 por Chi Su
Cambia de Director a partir del Vol. 27, N&#xBA; 15 por David Tawei LEE
Cambia de Director a partir del Vol. 28, N&#xBA; 5 por CHEN Chien-jen
Cambia de Director a partir del Vol. 28, N&#xBA; 7 por C.J. (Chien-Jen) Chen
Cambia de Director a partir del Vol. 29, N&#xBA; 32 por Chao Yi
Cambia de Director a partir del Vol. 30, N&#xBA; 14 por Chung Chin
Cambia de Director a partir del Vol. 30, N&#xBA; 28 por Su Tzen-ping
Cambia de Director a partir del Vol. 32, N&#xBA; 4 por Arthur Iap
Cambia de Director a partir del Vol. 33, N&#xBA; 31 por Huang-Hwei-chen
Cambia de Director a partir del Vol. 34, N&#xBA; 15 por Lin Chia-lung</subfield>
  </datafield>
  <datafield tag="041" ind1=" " ind2=" ">
    <subfield code="a">spa</subfield>
  </datafield>
  <datafield tag="942" ind1=" " ind2=" ">
    <subfield code="c">SER</subfield>
  </datafield>
  <datafield tag="590" ind1=" " ind2=" ">
    <subfield code="a">niveau_biblio:s niveau_hierar:1</subfield>
  </datafield>
  <datafield tag="100" ind1="1" ind2=" ">
    <subfield code="a">Hu, Jason C.</subfield>
  </datafield>
  <datafield tag="650" ind1=" " ind2=" ">
    <subfield code="a">China</subfield>
  </datafield>
  <datafield tag="650" ind1=" " ind2=" ">
    <subfield code="a">Per&#xED;odico</subfield>
  </datafield>
  <datafield tag="856" ind1="4" ind2="1">
    <subfield code="u">https://biblioeco.unsa.edu.ar/pmb/images/revistas/Noticias01.jpg</subfield>
    <subfield code="y">Imagen de portada</subfield>
    <subfield code="q">image/jpeg</subfield>
  </datafield>
  <datafield tag="999" ind1=" " ind2=" ">
    <subfield code="c">8824</subfield>
    <subfield code="d">8824</subfield>
  </datafield>
  <datafield tag="952" ind1=" " ind2=" ">
    <subfield code="0">0</subfield>
    <subfield code="1">0</subfield>
    <subfield code="4">0</subfield>
    <subfield code="7">0</subfield>
    <subfield code="a">BCEJYS</subfield>
    <subfield code="b">BCEJYS</subfield>
    <subfield code="c">17</subfield>
    <subfield code="d">2008-07-06</subfield>
    <subfield code="h">Vol. 38, N&#xBA;18 - jul. 2008</subfield>
    <subfield code="l">0</subfield>
    <subfield code="o">H070 CHI v38.n18</subfield>
    <subfield code="p">R20293</subfield>
    <subfield code="r">2026-04-10 16:09:54</subfield>
    <subfield code="w">2026-04-10</subfield>
    <subfield code="y">RN</subfield>
  </datafield>
  <datafield tag="952" ind1=" " ind2=" ">
    <subfield code="0">0</subfield>
    <subfield code="1">0</subfield>
    <subfield code="4">0</subfield>
    <subfield code="7">0</subfield>
    <subfield code="a">BCEJYS</subfield>
    <subfield code="b">BCEJYS</subfield>
    <subfield code="c">17</subfield>
    <subfield code="d">2005-11-06</subfield>
    <subfield code="h">Vol. 35, N&#xBA; 30 - nov. 2005</subfield>
    <subfield code="l">0</subfield>
    <subfield code="o">H070 CHI v35.n30</subfield>
    <subfield code="p">R20413</subfield>
    <subfield code="r">2026-04-10 16:09:54</subfield>
    <subfield code="w">2026-04-10</subfield>
    <subfield code="y">RN</subfield>
  </datafield>
  <datafield tag="952" ind1=" " ind2=" ">
    <subfield code="0">0</subfield>
    <subfield code="1">0</subfield>
    <subfield code="4">0</subfield>
    <subfield code="7">0</subfield>
    <subfield code="a">BCEJYS</subfield>
    <subfield code="b">BCEJYS</subfield>
    <subfield code="c">17</subfield>
    <subfield code="d">2005-08-26</subfield>
    <subfield code="h">Vol. 35, N&#xBA; 23 - ago. 2005</subfield>
    <subfield code="l">0</subfield>
    <subfield code="o">H070 CHI v35.n23</subfield>
    <subfield code="p">R20239</subfield>
    <subfield code="r">2026-04-10 16:09:54</subfield>
    <subfield code="w">2026-04-10</subfield>
    <subfield code="y">RN</subfield>
  </datafield>
  <datafield tag="952" ind1=" " ind2=" ">
    <subfield code="0">0</subfield>
    <subfield code="1">0</subfield>
    <subfield code="4">0</subfield>
    <subfield code="7">0</subfield>
    <subfield code="a">BCEJYS</subfield>
    <subfield code="b">BCEJYS</subfield>
    <subfield code="c">17</subfield>
    <subfield code="d">2005-06-16</subfield>
    <subfield code="h">Vol. 35, N&#xBA; 16 - jun. 2005</subfield>
    <subfield code="l">0</subfield>
    <subfield code="o">H070 CHI v35.n16</subfield>
    <subfield code="p">R20238</subfield>
    <subfield code="r">2026-04-10 16:09:54</subfield>
    <subfield code="w">2026-04-10</subfield>
    <subfield code="y">RN</subfield>
  </datafield>
  <datafield tag="952" ind1=" " ind2=" ">
    <subfield code="0">0</subfield>
    <subfield code="1">0</subfield>
    <subfield code="4">0</subfield>
    <subfield code="7">0</subfield>
    <subfield code="a">BCEJYS</subfield>
    <subfield code="b">BCEJYS</subfield>
    <subfield code="c">17</subfield>
    <subfield code="d">2005-05-16</subfield>
    <subfield code="h">Vol. 35, N&#xBA; 13 - mayo 2005</subfield>
    <subfield code="l">0</subfield>
    <subfield code="o">H070 CHI v35.n13</subfield>
    <subfield code="p">R20237</subfield>
    <subfield code="r">2026-04-10 16:09:54</subfield>
    <subfield code="w">2026-04-10</subfield>
    <subfield code="y">RN</subfield>
  </datafield>
  <datafield tag="952" ind1=" " ind2=" ">
    <subfield code="0">0</subfield>
    <subfield code="1">0</subfield>
    <subfield code="4">0</subfield>
    <subfield code="7">0</subfield>
    <subfield code="a">BCEJYS</subfield>
    <subfield code="b">BCEJYS</subfield>
    <subfield code="c">17</subfield>
    <subfield code="d">2005-04-26</subfield>
    <subfield code="h">Vol. 35, N&#xBA; 11 - abr. 2005</subfield>
    <subfield code="l">0</subfield>
    <subfield code="o">H070 CHI v35.n11</subfield>
    <subfield code="p">R20236</subfield>
    <subfield code="r">2026-04-10 16:09:54</subfield>
    <subfield code="w">2026-04-10</subfield>
    <subfield code="y">RN</subfield>
  </datafield>
  <datafield tag="952" ind1=" " ind2=" ">
    <subfield code="0">0</subfield>
    <subfield code="1">0</subfield>
    <subfield code="4">0</subfield>
    <subfield code="7">0</subfield>
    <subfield code="a">BCEJYS</subfield>
    <subfield code="b">BCEJYS</subfield>
    <subfield code="c">17</subfield>
    <subfield code="d">2005-03-26</subfield>
    <subfield code="h">Vol. 35, N&#xBA; 8 - mar. 2005</subfield>
    <subfield code="l">0</subfield>
    <subfield code="o">H070 CHI v35.n8</subfield>
    <subfield code="p">R20235</subfield>
    <subfield code="r">2026-04-10 16:09:54</subfield>
    <subfield code="w">2026-04-10</subfield>
    <subfield code="y">RN</subfield>
  </datafield>
  <datafield tag="952" ind1=" " ind2=" ">
    <subfield code="0">0</subfield>
    <subfield code="1">0</subfield>
    <subfield code="4">0</subfield>
    <subfield code="7">0</subfield>
    <subfield code="a">BCEJYS</subfield>
    <subfield code="b">BCEJYS</subfield>
    <subfield code="c">17</subfield>
    <subfield code="d">2005-01-26</subfield>
    <subfield code="h">Vol. 35, N&#xBA; 3 - ene. 2005</subfield>
    <subfield code="l">0</subfield>
    <subfield code="o">H070 CHI v35.n3</subfield>
    <subfield code="p">R20234</subfield>
    <subfield code="r">2026-04-10 16:09:54</subfield>
    <subfield code="w">2026-04-10</subfield>
    <subfield code="y">RN</subfield>
  </datafield>
  <datafield tag="952" ind1=" " ind2=" ">
    <subfield code="0">0</subfield>
    <subfield code="1">0</subfield>
    <subfield code="4">0</subfield>
    <subfield code="7">0</subfield>
    <subfield code="a">BCEJYS</subfield>
    <subfield code="b">BCEJYS</subfield>
    <subfield code="c">17</subfield>
    <subfield code="d">2005-01-16</subfield>
    <subfield code="h">Vol. 35, N&#xBA; 2 - ene. 2005</subfield>
    <subfield code="l">0</subfield>
    <subfield code="o">H070 CHI v35.n2</subfield>
    <subfield code="p">R20232</subfield>
    <subfield code="r">2026-04-10 16:09:54</subfield>
    <subfield code="w">2026-04-10</subfield>
    <subfield code="y">RN</subfield>
  </datafield>
  <datafield tag="952" ind1=" " ind2=" ">
    <subfield code="0">0</subfield>
    <subfield code="1">0</subfield>
    <subfield code="4">0</subfield>
    <subfield code="7">0</subfield>
    <subfield code="a">BCEJYS</subfield>
    <subfield code="b">BCEJYS</subfield>
    <subfield code="c">17</subfield>
    <subfield code="d">2004-06-06</subfield>
    <subfield code="h">Vol. 34, N&#xBA; 15 - jun. 2004</subfield>
    <subfield code="l">0</subfield>
    <subfield code="o">H070 CHI v34.n15</subfield>
    <subfield code="p">R20231</subfield>
    <subfield code="r">2026-04-10 16:09:55</subfield>
    <subfield code="w">2026-04-10</subfield>
    <subfield code="y">RN</subfield>
  </datafield>
  <datafield tag="952" ind1=" " ind2=" ">
    <subfield code="0">0</subfield>
    <subfield code="1">0</subfield>
    <subfield code="4">0</subfield>
    <subfield code="7">0</subfield>
    <subfield code="a">BCEJYS</subfield>
    <subfield code="b">BCEJYS</subfield>
    <subfield code="c">17</subfield>
    <subfield code="d">2004-04-16</subfield>
    <subfield code="h">Vol. 34, N&#xBA; 10 - abr. 2004</subfield>
    <subfield code="l">0</subfield>
    <subfield code="o">H070 CHI v34.n10</subfield>
    <subfield code="p">R20233</subfield>
    <subfield code="r">2026-04-10 16:09:55</subfield>
    <subfield code="w">2026-04-10</subfield>
    <subfield code="y">RN</subfield>
  </datafield>
  <datafield tag="952" ind1=" " ind2=" ">
    <subfield code="0">0</subfield>
    <subfield code="1">0</subfield>
    <subfield code="4">0</subfield>
    <subfield code="7">0</subfield>
    <subfield code="a">BCEJYS</subfield>
    <subfield code="b">BCEJYS</subfield>
    <subfield code="c">17</subfield>
    <subfield code="d">2004-04-06</subfield>
    <subfield code="h">Vol. 34, N&#xBA; 9 - abr. 2004</subfield>
    <subfield code="l">0</subfield>
    <subfield code="o">H070 CHI v34.n9</subfield>
    <subfield code="p">R20230</subfield>
    <subfield code="r">2026-04-10 16:09:55</subfield>
    <subfield code="w">2026-04-10</subfield>
    <subfield code="y">RN</subfield>
  </datafield>
  <datafield tag="952" ind1=" " ind2=" ">
    <subfield code="0">0</subfield>
    <subfield code="1">0</subfield>
    <subfield code="4">0</subfield>
    <subfield code="7">0</subfield>
    <subfield code="a">BCEJYS</subfield>
    <subfield code="b">BCEJYS</subfield>
    <subfield code="c">17</subfield>
    <subfield code="d">2004-03-26</subfield>
    <subfield code="h">Vol. 34, N&#xBA; 8 - mar. 2004</subfield>
    <subfield code="l">0</subfield>
    <subfield code="o">H070 CHI v34.n8</subfield>
    <subfield code="p">R20229</subfield>
    <subfield code="r">2026-04-10 16:09:55</subfield>
    <subfield code="w">2026-04-10</subfield>
    <subfield code="y">RN</subfield>
  </datafield>
  <datafield tag="952" ind1=" " ind2=" ">
    <subfield code="0">0</subfield>
    <subfield code="1">0</subfield>
    <subfield code="4">0</subfield>
    <subfield code="7">0</subfield>
    <subfield code="a">BCEJYS</subfield>
    <subfield code="b">BCEJYS</subfield>
    <subfield code="c">17</subfield>
    <subfield code="d">2004-03-06</subfield>
    <subfield code="h">Vol. 34, N&#xBA; 6 - mar. 2004</subfield>
    <subfield code="l">0</subfield>
    <subfield code="o">H070 CHI v34.n6</subfield>
    <subfield code="p">R20228</subfield>
    <subfield code="r">2026-04-10 16:09:55</subfield>
    <subfield code="w">2026-04-10</subfield>
    <subfield code="y">RN</subfield>
  </datafield>
  <datafield tag="952" ind1=" " ind2=" ">
    <subfield code="0">0</subfield>
    <subfield code="1">0</subfield>
    <subfield code="4">0</subfield>
    <subfield code="7">0</subfield>
    <subfield code="a">BCEJYS</subfield>
    <subfield code="b">BCEJYS</subfield>
    <subfield code="c">17</subfield>
    <subfield code="d">2004-02-26</subfield>
    <subfield code="h">Vol. 34, N&#xBA; 5 - feb. 2004</subfield>
    <subfield code="l">0</subfield>
    <subfield code="o">H070 CHI v34.n5</subfield>
    <subfield code="p">R20227</subfield>
    <subfield code="r">2026-04-10 16:09:55</subfield>
    <subfield code="w">2026-04-10</subfield>
    <subfield code="y">RN</subfield>
  </datafield>
  <datafield tag="952" ind1=" " ind2=" ">
    <subfield code="0">0</subfield>
    <subfield code="1">0</subfield>
    <subfield code="4">0</subfield>
    <subfield code="7">0</subfield>
    <subfield code="a">BCEJYS</subfield>
    <subfield code="b">BCEJYS</subfield>
    <subfield code="c">17</subfield>
    <subfield code="d">2004-02-16</subfield>
    <subfield code="h">Vol. 34, N&#xBA; 4 - feb. 2004</subfield>
    <subfield code="l">0</subfield>
    <subfield code="o">H070 CHI v34.n4</subfield>
    <subfield code="p">R20226</subfield>
    <subfield code="r">2026-04-10 16:09:55</subfield>
    <subfield code="w">2026-04-10</subfield>
    <subfield code="y">RN</subfield>
  </datafield>
  <datafield tag="952" ind1=" " ind2=" ">
    <subfield code="0">0</subfield>
    <subfield code="1">0</subfield>
    <subfield code="4">0</subfield>
    <subfield code="7">0</subfield>
    <subfield code="a">BCEJYS</subfield>
    <subfield code="b">BCEJYS</subfield>
    <subfield code="c">17</subfield>
    <subfield code="d">2003-11-16</subfield>
    <subfield code="h">Vol. 33, N&#xBA; 31 - nov. 2003</subfield>
    <subfield code="l">0</subfield>
    <subfield code="o">H070 CHI v33.n31</subfield>
    <subfield code="p">R20225</subfield>
    <subfield code="r">2026-04-10 16:09:55</subfield>
    <subfield code="w">2026-04-10</subfield>
    <subfield code="y">RN</subfield>
  </datafield>
  <datafield tag="952" ind1=" " ind2=" ">
    <subfield code="0">0</subfield>
    <subfield code="1">0</subfield>
    <subfield code="4">0</subfield>
    <subfield code="7">0</subfield>
    <subfield code="a">BCEJYS</subfield>
    <subfield code="b">BCEJYS</subfield>
    <subfield code="c">17</subfield>
    <subfield code="d">2003-06-16</subfield>
    <subfield code="h">Vol. 33, N&#xBA; 16 - jun. 2003</subfield>
    <subfield code="l">0</subfield>
    <subfield code="o">H070 CHI v33.n16</subfield>
    <subfield code="p">R20224</subfield>
    <subfield code="r">2026-04-10 16:09:55</subfield>
    <subfield code="w">2026-04-10</subfield>
    <subfield code="y">RN</subfield>
  </datafield>
  <datafield tag="952" ind1=" " ind2=" ">
    <subfield code="0">0</subfield>
    <subfield code="1">0</subfield>
    <subfield code="4">0</subfield>
    <subfield code="7">0</subfield>
    <subfield code="a">BCEJYS</subfield>
    <subfield code="b">BCEJYS</subfield>
    <subfield code="c">17</subfield>
    <subfield code="d">2003-06-06</subfield>
    <subfield code="h">Vol. 33, N&#xBA; 15 - jun. 2003</subfield>
    <subfield code="l">0</subfield>
    <subfield code="o">H070 CHI v33.n15</subfield>
    <subfield code="p">R20223</subfield>
    <subfield code="r">2026-04-10 16:09:55</subfield>
    <subfield code="w">2026-04-10</subfield>
    <subfield code="y">RN</subfield>
  </datafield>
  <datafield tag="952" ind1=" " ind2=" ">
    <subfield code="0">0</subfield>
    <subfield code="1">0</subfield>
    <subfield code="4">0</subfield>
    <subfield code="7">0</subfield>
    <subfield code="a">BCEJYS</subfield>
    <subfield code="b">BCEJYS</subfield>
    <subfield code="c">17</subfield>
    <subfield code="d">2003-05-26</subfield>
    <subfield code="h">Vol. 33, N&#xBA; 14 - mayo 2003</subfield>
    <subfield code="l">0</subfield>
    <subfield code="o">H070 CHI v33.n14</subfield>
    <subfield code="p">R20222</subfield>
    <subfield code="r">2026-04-10 16:09:55</subfield>
    <subfield code="w">2026-04-10</subfield>
    <subfield code="y">RN</subfield>
  </datafield>
  <datafield tag="952" ind1=" " ind2=" ">
    <subfield code="0">0</subfield>
    <subfield code="1">0</subfield>
    <subfield code="4">0</subfield>
    <subfield code="7">0</subfield>
    <subfield code="a">BCEJYS</subfield>
    <subfield code="b">BCEJYS</subfield>
    <subfield code="c">17</subfield>
    <subfield code="d">2003-05-06</subfield>
    <subfield code="h">Vol. 33, N&#xBA; 12 - mayo 2003</subfield>
    <subfield code="l">0</subfield>
    <subfield code="o">H070 CHI v33.n12</subfield>
    <subfield code="p">R20221</subfield>
    <subfield code="r">2026-04-10 16:09:55</subfield>
    <subfield code="w">2026-04-10</subfield>
    <subfield code="y">RN</subfield>
  </datafield>
  <datafield tag="952" ind1=" " ind2=" ">
    <subfield code="0">0</subfield>
    <subfield code="1">0</subfield>
    <subfield code="4">0</subfield>
    <subfield code="7">0</subfield>
    <subfield code="a">BCEJYS</subfield>
    <subfield code="b">BCEJYS</subfield>
    <subfield code="c">17</subfield>
    <subfield code="d">2003-04-16</subfield>
    <subfield code="h">Vol. 33, N&#xBA; 10 - abr. 2003</subfield>
    <subfield code="l">0</subfield>
    <subfield code="o">H070 CHI v33.n10</subfield>
    <subfield code="p">R20220</subfield>
    <subfield code="r">2026-04-10 16:09:55</subfield>
    <subfield code="w">2026-04-10</subfield>
    <subfield code="y">RN</subfield>
  </datafield>
  <datafield tag="952" ind1=" " ind2=" ">
    <subfield code="0">0</subfield>
    <subfield code="1">0</subfield>
    <subfield code="4">0</subfield>
    <subfield code="7">0</subfield>
    <subfield code="a">BCEJYS</subfield>
    <subfield code="b">BCEJYS</subfield>
    <subfield code="c">17</subfield>
    <subfield code="d">2003-04-06</subfield>
    <subfield code="h">Vol. 33, N&#xBA; 9 - abr. 2003</subfield>
    <subfield code="l">0</subfield>
    <subfield code="o">H070 CHI v33.n9</subfield>
    <subfield code="p">R20219</subfield>
    <subfield code="r">2026-04-10 16:09:55</subfield>
    <subfield code="w">2026-04-10</subfield>
    <subfield code="y">RN</subfield>
  </datafield>
  <datafield tag="952" ind1=" " ind2=" ">
    <subfield code="0">0</subfield>
    <subfield code="1">0</subfield>
    <subfield code="4">0</subfield>
    <subfield code="7">0</subfield>
    <subfield code="a">BCEJYS</subfield>
    <subfield code="b">BCEJYS</subfield>
    <subfield code="c">17</subfield>
    <subfield code="d">2003-03-26</subfield>
    <subfield code="h">Vol. 33, N&#xBA; 8 - mar. 2003</subfield>
    <subfield code="l">0</subfield>
    <subfield code="o">H070 CHI v33.n8</subfield>
    <subfield code="p">R20218</subfield>
    <subfield code="r">2026-04-10 16:09:55</subfield>
    <subfield code="w">2026-04-10</subfield>
    <subfield code="y">RN</subfield>
  </datafield>
  <datafield tag="952" ind1=" " ind2=" ">
    <subfield code="0">0</subfield>
    <subfield code="1">0</subfield>
    <subfield code="4">0</subfield>
    <subfield code="7">0</subfield>
    <subfield code="a">BCEJYS</subfield>
    <subfield code="b">BCEJYS</subfield>
    <subfield code="c">17</subfield>
    <subfield code="d">2003-03-16</subfield>
    <subfield code="h">Vol. 33, N&#xBA; 7 - mar. 2003</subfield>
    <subfield code="l">0</subfield>
    <subfield code="o">H070 CHI v33.n7</subfield>
    <subfield code="p">R20217</subfield>
    <subfield code="r">2026-04-10 16:09:55</subfield>
    <subfield code="w">2026-04-10</subfield>
    <subfield code="y">RN</subfield>
  </datafield>
  <datafield tag="952" ind1=" " ind2=" ">
    <subfield code="0">0</subfield>
    <subfield code="1">0</subfield>
    <subfield code="4">0</subfield>
    <subfield code="7">0</subfield>
    <subfield code="a">BCEJYS</subfield>
    <subfield code="b">BCEJYS</subfield>
    <subfield code="c">17</subfield>
    <subfield code="d">2003-03-06</subfield>
    <subfield code="h">Vol. 33, N&#xBA; 6 - mar. 2003</subfield>
    <subfield code="l">0</subfield>
    <subfield code="o">H070 CHI v33.n6</subfield>
    <subfield code="p">R20216</subfield>
    <subfield code="r">2026-04-10 16:09:55</subfield>
    <subfield code="w">2026-04-10</subfield>
    <subfield code="y">RN</subfield>
  </datafield>
  <datafield tag="952" ind1=" " ind2=" ">
    <subfield code="0">0</subfield>
    <subfield code="1">0</subfield>
    <subfield code="4">0</subfield>
    <subfield code="7">0</subfield>
    <subfield code="a">BCEJYS</subfield>
    <subfield code="b">BCEJYS</subfield>
    <subfield code="c">17</subfield>
    <subfield code="d">2003-02-26</subfield>
    <subfield code="h">Vol. 33, N&#xBA; 5 - feb. 2003</subfield>
    <subfield code="l">0</subfield>
    <subfield code="o">H070 CHI v33.n5</subfield>
    <subfield code="p">R20215</subfield>
    <subfield code="r">2026-04-10 16:09:55</subfield>
    <subfield code="w">2026-04-10</subfield>
    <subfield code="y">RN</subfield>
  </datafield>
  <datafield tag="952" ind1=" " ind2=" ">
    <subfield code="0">0</subfield>
    <subfield code="1">0</subfield>
    <subfield code="4">0</subfield>
    <subfield code="7">0</subfield>
    <subfield code="a">BCEJYS</subfield>
    <subfield code="b">BCEJYS</subfield>
    <subfield code="c">17</subfield>
    <subfield code="d">2003-02-16</subfield>
    <subfield code="h">Vol. 33, N&#xBA; 4 - feb. 2003</subfield>
    <subfield code="l">0</subfield>
    <subfield code="o">H070 CHI v33.n4</subfield>
    <subfield code="p">R20214</subfield>
    <subfield code="r">2026-04-10 16:09:55</subfield>
    <subfield code="w">2026-04-10</subfield>
    <subfield code="y">RN</subfield>
  </datafield>
  <datafield tag="952" ind1=" " ind2=" ">
    <subfield code="0">0</subfield>
    <subfield code="1">0</subfield>
    <subfield code="4">0</subfield>
    <subfield code="7">0</subfield>
    <subfield code="a">BCEJYS</subfield>
    <subfield code="b">BCEJYS</subfield>
    <subfield code="c">17</subfield>
    <subfield code="d">2003-01-26</subfield>
    <subfield code="h">Vol. 33, N&#xBA; 3 - ene. 2003</subfield>
    <subfield code="l">0</subfield>
    <subfield code="o">H070 CHI v33.n3</subfield>
    <subfield code="p">R20213</subfield>
    <subfield code="r">2026-04-10 16:09:55</subfield>
    <subfield code="w">2026-04-10</subfield>
    <subfield code="y">RN</subfield>
  </datafield>
  <datafield tag="952" ind1=" " ind2=" ">
    <subfield code="0">0</subfield>
    <subfield code="1">0</subfield>
    <subfield code="4">0</subfield>
    <subfield code="7">0</subfield>
    <subfield code="a">BCEJYS</subfield>
    <subfield code="b">BCEJYS</subfield>
    <subfield code="c">17</subfield>
    <subfield code="d">2003-01-16</subfield>
    <subfield code="h">Vol. 33, N&#xBA; 2 - ene. 2003</subfield>
    <subfield code="l">0</subfield>
    <subfield code="o">H070 CHI v33.n2</subfield>
    <subfield code="p">R20212</subfield>
    <subfield code="r">2026-04-10 16:09:55</subfield>
    <subfield code="w">2026-04-10</subfield>
    <subfield code="y">RN</subfield>
  </datafield>
  <datafield tag="952" ind1=" " ind2=" ">
    <subfield code="0">0</subfield>
    <subfield code="1">0</subfield>
    <subfield code="4">0</subfield>
    <subfield code="7">0</subfield>
    <subfield code="a">BCEJYS</subfield>
    <subfield code="b">BCEJYS</subfield>
    <subfield code="c">17</subfield>
    <subfield code="d">2003-01-06</subfield>
    <subfield code="h">Vol. 33, N&#xBA; 1 - ene. 2003</subfield>
    <subfield code="l">0</subfield>
    <subfield code="o">H070 CHI v33.n1</subfield>
    <subfield code="p">R20211</subfield>
    <subfield code="r">2026-04-10 16:09:55</subfield>
    <subfield code="w">2026-04-10</subfield>
    <subfield code="y">RN</subfield>
  </datafield>
  <datafield tag="952" ind1=" " ind2=" ">
    <subfield code="0">0</subfield>
    <subfield code="1">0</subfield>
    <subfield code="4">0</subfield>
    <subfield code="7">0</subfield>
    <subfield code="a">BCEJYS</subfield>
    <subfield code="b">BCEJYS</subfield>
    <subfield code="c">17</subfield>
    <subfield code="d">2002-12-26</subfield>
    <subfield code="h">Vol. 32, N&#xBA; 35 - dic. 2002</subfield>
    <subfield code="l">0</subfield>
    <subfield code="o">H070 CHI v32.n35</subfield>
    <subfield code="p">R20210</subfield>
    <subfield code="r">2026-04-10 16:09:55</subfield>
    <subfield code="w">2026-04-10</subfield>
    <subfield code="y">RN</subfield>
  </datafield>
  <datafield tag="952" ind1=" " ind2=" ">
    <subfield code="0">0</subfield>
    <subfield code="1">0</subfield>
    <subfield code="4">0</subfield>
    <subfield code="7">0</subfield>
    <subfield code="a">BCEJYS</subfield>
    <subfield code="b">BCEJYS</subfield>
    <subfield code="c">17</subfield>
    <subfield code="d">2002-12-16</subfield>
    <subfield code="h">Vol. 32, N&#xBA; 34 - dic. 2002</subfield>
    <subfield code="l">0</subfield>
    <subfield code="o">H070 CHI v32.n34</subfield>
    <subfield code="p">R20209</subfield>
    <subfield code="r">2026-04-10 16:09:55</subfield>
    <subfield code="w">2026-04-10</subfield>
    <subfield code="y">RN</subfield>
  </datafield>
  <datafield tag="952" ind1=" " ind2=" ">
    <subfield code="0">0</subfield>
    <subfield code="1">0</subfield>
    <subfield code="4">0</subfield>
    <subfield code="7">0</subfield>
    <subfield code="a">BCEJYS</subfield>
    <subfield code="b">BCEJYS</subfield>
    <subfield code="c">17</subfield>
    <subfield code="d">2002-12-06</subfield>
    <subfield code="h">Vol. 32, N&#xBA; 33 - dic. 2002</subfield>
    <subfield code="l">0</subfield>
    <subfield code="o">H070 CHI v32.n33</subfield>
    <subfield code="p">R20208</subfield>
    <subfield code="r">2026-04-10 16:09:55</subfield>
    <subfield code="w">2026-04-10</subfield>
    <subfield code="y">RN</subfield>
  </datafield>
  <datafield tag="952" ind1=" " ind2=" ">
    <subfield code="0">0</subfield>
    <subfield code="1">0</subfield>
    <subfield code="4">0</subfield>
    <subfield code="7">0</subfield>
    <subfield code="a">BCEJYS</subfield>
    <subfield code="b">BCEJYS</subfield>
    <subfield code="c">17</subfield>
    <subfield code="d">2002-11-26</subfield>
    <subfield code="h">Vol. 32, N&#xBA; 32 - nov. 2002</subfield>
    <subfield code="l">0</subfield>
    <subfield code="o">H070 CHI v32.n32</subfield>
    <subfield code="p">R20207</subfield>
    <subfield code="r">2026-04-10 16:09:55</subfield>
    <subfield code="w">2026-04-10</subfield>
    <subfield code="y">RN</subfield>
  </datafield>
  <datafield tag="952" ind1=" " ind2=" ">
    <subfield code="0">0</subfield>
    <subfield code="1">0</subfield>
    <subfield code="4">0</subfield>
    <subfield code="7">0</subfield>
    <subfield code="a">BCEJYS</subfield>
    <subfield code="b">BCEJYS</subfield>
    <subfield code="c">17</subfield>
    <subfield code="d">2002-11-16</subfield>
    <subfield code="h">Vol. 32, N&#xBA; 31 - nov. 2002</subfield>
    <subfield code="l">0</subfield>
    <subfield code="o">H070 CHI v32.n31</subfield>
    <subfield code="p">R20206</subfield>
    <subfield code="r">2026-04-10 16:09:55</subfield>
    <subfield code="w">2026-04-10</subfield>
    <subfield code="y">RN</subfield>
  </datafield>
  <datafield tag="952" ind1=" " ind2=" ">
    <subfield code="0">0</subfield>
    <subfield code="1">0</subfield>
    <subfield code="4">0</subfield>
    <subfield code="7">0</subfield>
    <subfield code="a">BCEJYS</subfield>
    <subfield code="b">BCEJYS</subfield>
    <subfield code="c">17</subfield>
    <subfield code="d">2002-11-06</subfield>
    <subfield code="h">Vol. 32, N&#xBA; 30 - nov. 2002</subfield>
    <subfield code="l">0</subfield>
    <subfield code="o">H070 CHI v32.n30</subfield>
    <subfield code="p">R20205</subfield>
    <subfield code="r">2026-04-10 16:09:55</subfield>
    <subfield code="w">2026-04-10</subfield>
    <subfield code="y">RN</subfield>
  </datafield>
  <datafield tag="952" ind1=" " ind2=" ">
    <subfield code="0">0</subfield>
    <subfield code="1">0</subfield>
    <subfield code="4">0</subfield>
    <subfield code="7">0</subfield>
    <subfield code="a">BCEJYS</subfield>
    <subfield code="b">BCEJYS</subfield>
    <subfield code="c">17</subfield>
    <subfield code="d">2002-10-26</subfield>
    <subfield code="h">Vol. 32, N&#xBA; 29 - oct. 2002</subfield>
    <subfield code="l">0</subfield>
    <subfield code="o">H070 CHI v32.n29</subfield>
    <subfield code="p">R20204</subfield>
    <subfield code="r">2026-04-10 16:09:55</subfield>
    <subfield code="w">2026-04-10</subfield>
    <subfield code="y">RN</subfield>
  </datafield>
  <datafield tag="952" ind1=" " ind2=" ">
    <subfield code="0">0</subfield>
    <subfield code="1">0</subfield>
    <subfield code="4">0</subfield>
    <subfield code="7">0</subfield>
    <subfield code="a">BCEJYS</subfield>
    <subfield code="b">BCEJYS</subfield>
    <subfield code="c">17</subfield>
    <subfield code="d">2002-10-16</subfield>
    <subfield code="h">Vol. 32, N&#xBA; 28 - oct. 2002</subfield>
    <subfield code="l">0</subfield>
    <subfield code="o">H070 CHI v32.n28</subfield>
    <subfield code="p">R20203</subfield>
    <subfield code="r">2026-04-10 16:09:55</subfield>
    <subfield code="w">2026-04-10</subfield>
    <subfield code="y">RN</subfield>
  </datafield>
  <datafield tag="952" ind1=" " ind2=" ">
    <subfield code="0">0</subfield>
    <subfield code="1">0</subfield>
    <subfield code="4">0</subfield>
    <subfield code="7">0</subfield>
    <subfield code="a">BCEJYS</subfield>
    <subfield code="b">BCEJYS</subfield>
    <subfield code="c">17</subfield>
    <subfield code="d">2002-10-06</subfield>
    <subfield code="h">Vol. 32, N&#xBA; 27 - oct. 2002</subfield>
    <subfield code="l">0</subfield>
    <subfield code="o">H070 CHI v32.n27</subfield>
    <subfield code="p">R20202</subfield>
    <subfield code="r">2026-04-10 16:09:55</subfield>
    <subfield code="w">2026-04-10</subfield>
    <subfield code="y">RN</subfield>
  </datafield>
  <datafield tag="952" ind1=" " ind2=" ">
    <subfield code="0">0</subfield>
    <subfield code="1">0</subfield>
    <subfield code="4">0</subfield>
    <subfield code="7">0</subfield>
    <subfield code="a">BCEJYS</subfield>
    <subfield code="b">BCEJYS</subfield>
    <subfield code="c">17</subfield>
    <subfield code="d">2002-09-26</subfield>
    <subfield code="h">Vol. 32, N&#xBA; 26 - sep. 2002</subfield>
    <subfield code="l">0</subfield>
    <subfield code="o">H070 CHI v32.n26</subfield>
    <subfield code="p">R20201</subfield>
    <subfield code="r">2026-04-10 16:09:55</subfield>
    <subfield code="w">2026-04-10</subfield>
    <subfield code="y">RN</subfield>
  </datafield>
  <datafield tag="952" ind1=" " ind2=" ">
    <subfield code="0">0</subfield>
    <subfield code="1">0</subfield>
    <subfield code="4">0</subfield>
    <subfield code="7">0</subfield>
    <subfield code="a">BCEJYS</subfield>
    <subfield code="b">BCEJYS</subfield>
    <subfield code="c">17</subfield>
    <subfield code="d">2002-09-16</subfield>
    <subfield code="h">Vol. 32, N&#xBA; 25 - sep. 2002</subfield>
    <subfield code="l">0</subfield>
    <subfield code="o">H070 CHI v32.n25</subfield>
    <subfield code="p">R20200</subfield>
    <subfield code="r">2026-04-10 16:09:55</subfield>
    <subfield code="w">2026-04-10</subfield>
    <subfield code="y">RN</subfield>
  </datafield>
  <datafield tag="952" ind1=" " ind2=" ">
    <subfield code="0">0</subfield>
    <subfield code="1">0</subfield>
    <subfield code="4">0</subfield>
    <subfield code="7">0</subfield>
    <subfield code="a">BCEJYS</subfield>
    <subfield code="b">BCEJYS</subfield>
    <subfield code="c">17</subfield>
    <subfield code="d">2002-09-06</subfield>
    <subfield code="h">Vol. 32, N&#xBA; 24 - sep. 2002</subfield>
    <subfield code="l">0</subfield>
    <subfield code="o">H070 CHI v32.n24</subfield>
    <subfield code="p">R20199</subfield>
    <subfield code="r">2026-04-10 16:09:55</subfield>
    <subfield code="w">2026-04-10</subfield>
    <subfield code="y">RN</subfield>
  </datafield>
  <datafield tag="952" ind1=" " ind2=" ">
    <subfield code="0">0</subfield>
    <subfield code="1">0</subfield>
    <subfield code="4">0</subfield>
    <subfield code="7">0</subfield>
    <subfield code="a">BCEJYS</subfield>
    <subfield code="b">BCEJYS</subfield>
    <subfield code="c">17</subfield>
    <subfield code="d">2002-08-26</subfield>
    <subfield code="h">Vol. 32, N&#xBA;23 - ago. 2002</subfield>
    <subfield code="l">0</subfield>
    <subfield code="o">H070 CHI v32.n23</subfield>
    <subfield code="p">R20198</subfield>
    <subfield code="r">2026-04-10 16:09:55</subfield>
    <subfield code="w">2026-04-10</subfield>
    <subfield code="y">RN</subfield>
  </datafield>
  <datafield tag="952" ind1=" " ind2=" ">
    <subfield code="0">0</subfield>
    <subfield code="1">0</subfield>
    <subfield code="4">0</subfield>
    <subfield code="7">0</subfield>
    <subfield code="a">BCEJYS</subfield>
    <subfield code="b">BCEJYS</subfield>
    <subfield code="c">17</subfield>
    <subfield code="d">2002-08-16</subfield>
    <subfield code="h">Vol. 32, N&#xBA;22 - ago. 2002</subfield>
    <subfield code="l">0</subfield>
    <subfield code="o">H070 CHI v32.n22</subfield>
    <subfield code="p">R20197</subfield>
    <subfield code="r">2026-04-10 16:09:55</subfield>
    <subfield code="w">2026-04-10</subfield>
    <subfield code="y">RN</subfield>
  </datafield>
  <datafield tag="952" ind1=" " ind2=" ">
    <subfield code="0">0</subfield>
    <subfield code="1">0</subfield>
    <subfield code="4">0</subfield>
    <subfield code="7">0</subfield>
    <subfield code="a">BCEJYS</subfield>
    <subfield code="b">BCEJYS</subfield>
    <subfield code="c">17</subfield>
    <subfield code="d">2002-08-06</subfield>
    <subfield code="h">Vol. 32, N&#xBA;21 - ago. 2002</subfield>
    <subfield code="l">0</subfield>
    <subfield code="o">H070 CHI v32.n21</subfield>
    <subfield code="p">R20196</subfield>
    <subfield code="r">2026-04-10 16:09:55</subfield>
    <subfield code="w">2026-04-10</subfield>
    <subfield code="y">RN</subfield>
  </datafield>
  <datafield tag="952" ind1=" " ind2=" ">
    <subfield code="0">0</subfield>
    <subfield code="1">0</subfield>
    <subfield code="4">0</subfield>
    <subfield code="7">0</subfield>
    <subfield code="a">BCEJYS</subfield>
    <subfield code="b">BCEJYS</subfield>
    <subfield code="c">17</subfield>
    <subfield code="d">2002-07-26</subfield>
    <subfield code="h">Vol. 32, N&#xBA;20 - jul. 2002</subfield>
    <subfield code="l">0</subfield>
    <subfield code="o">H070 CHI v32.n20</subfield>
    <subfield code="p">R20195</subfield>
    <subfield code="r">2026-04-10 16:09:55</subfield>
    <subfield code="w">2026-04-10</subfield>
    <subfield code="y">RN</subfield>
  </datafield>
  <datafield tag="952" ind1=" " ind2=" ">
    <subfield code="0">0</subfield>
    <subfield code="1">0</subfield>
    <subfield code="4">0</subfield>
    <subfield code="7">0</subfield>
    <subfield code="a">BCEJYS</subfield>
    <subfield code="b">BCEJYS</subfield>
    <subfield code="c">17</subfield>
    <subfield code="d">2002-07-16</subfield>
    <subfield code="h">Vol. 32, N&#xBA;19 - jul. 2002</subfield>
    <subfield code="l">0</subfield>
    <subfield code="o">H070 CHI v32.n19</subfield>
    <subfield code="p">R20194</subfield>
    <subfield code="r">2026-04-10 16:09:55</subfield>
    <subfield code="w">2026-04-10</subfield>
    <subfield code="y">RN</subfield>
  </datafield>
  <datafield tag="952" ind1=" " ind2=" ">
    <subfield code="0">0</subfield>
    <subfield code="1">0</subfield>
    <subfield code="4">0</subfield>
    <subfield code="7">0</subfield>
    <subfield code="a">BCEJYS</subfield>
    <subfield code="b">BCEJYS</subfield>
    <subfield code="c">17</subfield>
    <subfield code="d">2002-07-06</subfield>
    <subfield code="h">Vol. 32, N&#xBA;18 - jul. 2002</subfield>
    <subfield code="l">0</subfield>
    <subfield code="o">H070 CHI v32.n18</subfield>
    <subfield code="p">R20193</subfield>
    <subfield code="r">2026-04-10 16:09:55</subfield>
    <subfield code="w">2026-04-10</subfield>
    <subfield code="y">RN</subfield>
  </datafield>
  <datafield tag="952" ind1=" " ind2=" ">
    <subfield code="0">0</subfield>
    <subfield code="1">0</subfield>
    <subfield code="4">0</subfield>
    <subfield code="7">0</subfield>
    <subfield code="a">BCEJYS</subfield>
    <subfield code="b">BCEJYS</subfield>
    <subfield code="c">17</subfield>
    <subfield code="d">2002-06-26</subfield>
    <subfield code="h">Vol. 32, N&#xBA;17 - jun. 2002</subfield>
    <subfield code="l">0</subfield>
    <subfield code="o">H070 CHI v32.n17</subfield>
    <subfield code="p">R20192</subfield>
    <subfield code="r">2026-04-10 16:09:55</subfield>
    <subfield code="w">2026-04-10</subfield>
    <subfield code="y">RN</subfield>
  </datafield>
  <datafield tag="952" ind1=" " ind2=" ">
    <subfield code="0">0</subfield>
    <subfield code="1">0</subfield>
    <subfield code="4">0</subfield>
    <subfield code="7">0</subfield>
    <subfield code="a">BCEJYS</subfield>
    <subfield code="b">BCEJYS</subfield>
    <subfield code="c">17</subfield>
    <subfield code="d">2002-06-16</subfield>
    <subfield code="h">Vol. 32, N&#xBA;16 - jun. 2002</subfield>
    <subfield code="l">0</subfield>
    <subfield code="o">H070 CHI v32.n16</subfield>
    <subfield code="p">R20191</subfield>
    <subfield code="r">2026-04-10 16:09:55</subfield>
    <subfield code="w">2026-04-10</subfield>
    <subfield code="y">RN</subfield>
  </datafield>
  <datafield tag="952" ind1=" " ind2=" ">
    <subfield code="0">0</subfield>
    <subfield code="1">0</subfield>
    <subfield code="4">0</subfield>
    <subfield code="7">0</subfield>
    <subfield code="a">BCEJYS</subfield>
    <subfield code="b">BCEJYS</subfield>
    <subfield code="c">17</subfield>
    <subfield code="d">2002-06-06</subfield>
    <subfield code="h">Vol. 32, N&#xBA;15 - jun. 2002</subfield>
    <subfield code="l">0</subfield>
    <subfield code="o">H070 CHI v32.n15</subfield>
    <subfield code="p">R20190</subfield>
    <subfield code="r">2026-04-10 16:09:55</subfield>
    <subfield code="w">2026-04-10</subfield>
    <subfield code="y">RN</subfield>
  </datafield>
  <datafield tag="952" ind1=" " ind2=" ">
    <subfield code="0">0</subfield>
    <subfield code="1">0</subfield>
    <subfield code="4">0</subfield>
    <subfield code="7">0</subfield>
    <subfield code="a">BCEJYS</subfield>
    <subfield code="b">BCEJYS</subfield>
    <subfield code="c">17</subfield>
    <subfield code="d">2002-05-26</subfield>
    <subfield code="h">Vol. 32, N&#xBA;14 - mayo 2002</subfield>
    <subfield code="l">0</subfield>
    <subfield code="o">H070 CHI v32.n14</subfield>
    <subfield code="p">R20189</subfield>
    <subfield code="r">2026-04-10 16:09:55</subfield>
    <subfield code="w">2026-04-10</subfield>
    <subfield code="y">RN</subfield>
  </datafield>
  <datafield tag="952" ind1=" " ind2=" ">
    <subfield code="0">0</subfield>
    <subfield code="1">0</subfield>
    <subfield code="4">0</subfield>
    <subfield code="7">0</subfield>
    <subfield code="a">BCEJYS</subfield>
    <subfield code="b">BCEJYS</subfield>
    <subfield code="c">17</subfield>
    <subfield code="d">2002-05-16</subfield>
    <subfield code="h">Vol. 32, N&#xBA;13 - mayo 2002</subfield>
    <subfield code="l">0</subfield>
    <subfield code="o">H070 CHI v32.n13</subfield>
    <subfield code="p">R20188</subfield>
    <subfield code="r">2026-04-10 16:09:55</subfield>
    <subfield code="w">2026-04-10</subfield>
    <subfield code="y">RN</subfield>
  </datafield>
  <datafield tag="952" ind1=" " ind2=" ">
    <subfield code="0">0</subfield>
    <subfield code="1">0</subfield>
    <subfield code="4">0</subfield>
    <subfield code="7">0</subfield>
    <subfield code="a">BCEJYS</subfield>
    <subfield code="b">BCEJYS</subfield>
    <subfield code="c">17</subfield>
    <subfield code="d">2002-05-06</subfield>
    <subfield code="h">Vol. 32, N&#xBA;12 - mayo 2002</subfield>
    <subfield code="l">0</subfield>
    <subfield code="o">H070 CHI v32.n12</subfield>
    <subfield code="p">R20187</subfield>
    <subfield code="r">2026-04-10 16:09:55</subfield>
    <subfield code="w">2026-04-10</subfield>
    <subfield code="y">RN</subfield>
  </datafield>
  <datafield tag="952" ind1=" " ind2=" ">
    <subfield code="0">0</subfield>
    <subfield code="1">0</subfield>
    <subfield code="4">0</subfield>
    <subfield code="7">0</subfield>
    <subfield code="a">BCEJYS</subfield>
    <subfield code="b">BCEJYS</subfield>
    <subfield code="c">17</subfield>
    <subfield code="d">2002-04-26</subfield>
    <subfield code="h">Vol. 32, N&#xBA;11 - abr. 2002</subfield>
    <subfield code="l">0</subfield>
    <subfield code="o">H070 CHI v32.n11</subfield>
    <subfield code="p">R20186</subfield>
    <subfield code="r">2026-04-10 16:09:55</subfield>
    <subfield code="w">2026-04-10</subfield>
    <subfield code="y">RN</subfield>
  </datafield>
  <datafield tag="952" ind1=" " ind2=" ">
    <subfield code="0">0</subfield>
    <subfield code="1">0</subfield>
    <subfield code="4">0</subfield>
    <subfield code="7">0</subfield>
    <subfield code="a">BCEJYS</subfield>
    <subfield code="b">BCEJYS</subfield>
    <subfield code="c">17</subfield>
    <subfield code="d">2002-04-16</subfield>
    <subfield code="h">Vol. 32, N&#xBA;10 - abr. 2002</subfield>
    <subfield code="l">0</subfield>
    <subfield code="o">H070 CHI v32.n10</subfield>
    <subfield code="p">R20185</subfield>
    <subfield code="r">2026-04-10 16:09:55</subfield>
    <subfield code="w">2026-04-10</subfield>
    <subfield code="y">RN</subfield>
  </datafield>
  <datafield tag="952" ind1=" " ind2=" ">
    <subfield code="0">0</subfield>
    <subfield code="1">0</subfield>
    <subfield code="4">0</subfield>
    <subfield code="7">0</subfield>
    <subfield code="a">BCEJYS</subfield>
    <subfield code="b">BCEJYS</subfield>
    <subfield code="c">17</subfield>
    <subfield code="d">2002-04-06</subfield>
    <subfield code="h">Vol. 32, N&#xBA;9 - abr. 2002</subfield>
    <subfield code="l">0</subfield>
    <subfield code="o">H070 CHI v32.n9</subfield>
    <subfield code="p">R20184</subfield>
    <subfield code="r">2026-04-10 16:09:55</subfield>
    <subfield code="w">2026-04-10</subfield>
    <subfield code="y">RN</subfield>
  </datafield>
  <datafield tag="952" ind1=" " ind2=" ">
    <subfield code="0">0</subfield>
    <subfield code="1">0</subfield>
    <subfield code="4">0</subfield>
    <subfield code="7">0</subfield>
    <subfield code="a">BCEJYS</subfield>
    <subfield code="b">BCEJYS</subfield>
    <subfield code="c">17</subfield>
    <subfield code="d">2002-03-26</subfield>
    <subfield code="h">Vol. 32, N&#xBA;8 - mar. 2002</subfield>
    <subfield code="l">0</subfield>
    <subfield code="o">H070 CHI v32.n8</subfield>
    <subfield code="p">R20183</subfield>
    <subfield code="r">2026-04-10 16:09:55</subfield>
    <subfield code="w">2026-04-10</subfield>
    <subfield code="y">RN</subfield>
  </datafield>
  <datafield tag="952" ind1=" " ind2=" ">
    <subfield code="0">0</subfield>
    <subfield code="1">0</subfield>
    <subfield code="4">0</subfield>
    <subfield code="7">0</subfield>
    <subfield code="a">BCEJYS</subfield>
    <subfield code="b">BCEJYS</subfield>
    <subfield code="c">17</subfield>
    <subfield code="d">2002-03-16</subfield>
    <subfield code="h">Vol. 32, N&#xBA;7 - mar. 2002</subfield>
    <subfield code="l">0</subfield>
    <subfield code="o">H070 CHI v32.n7</subfield>
    <subfield code="p">R20182</subfield>
    <subfield code="r">2026-04-10 16:09:55</subfield>
    <subfield code="w">2026-04-10</subfield>
    <subfield code="y">RN</subfield>
  </datafield>
  <datafield tag="952" ind1=" " ind2=" ">
    <subfield code="0">0</subfield>
    <subfield code="1">0</subfield>
    <subfield code="4">0</subfield>
    <subfield code="7">0</subfield>
    <subfield code="a">BCEJYS</subfield>
    <subfield code="b">BCEJYS</subfield>
    <subfield code="c">17</subfield>
    <subfield code="d">2002-03-06</subfield>
    <subfield code="h">Vol. 32, N&#xBA;6 - mar. 2002</subfield>
    <subfield code="l">0</subfield>
    <subfield code="o">H070 CHI v32.n6</subfield>
    <subfield code="p">R20181</subfield>
    <subfield code="r">2026-04-10 16:09:55</subfield>
    <subfield code="w">2026-04-10</subfield>
    <subfield code="y">RN</subfield>
  </datafield>
  <datafield tag="952" ind1=" " ind2=" ">
    <subfield code="0">0</subfield>
    <subfield code="1">0</subfield>
    <subfield code="4">0</subfield>
    <subfield code="7">0</subfield>
    <subfield code="a">BCEJYS</subfield>
    <subfield code="b">BCEJYS</subfield>
    <subfield code="c">17</subfield>
    <subfield code="d">2002-02-26</subfield>
    <subfield code="h">Vol. 32, N&#xBA;5 - feb. 2002</subfield>
    <subfield code="l">0</subfield>
    <subfield code="o">H070 CHI v32.n5</subfield>
    <subfield code="p">R20180</subfield>
    <subfield code="r">2026-04-10 16:09:55</subfield>
    <subfield code="w">2026-04-10</subfield>
    <subfield code="y">RN</subfield>
  </datafield>
  <datafield tag="952" ind1=" " ind2=" ">
    <subfield code="0">0</subfield>
    <subfield code="1">0</subfield>
    <subfield code="4">0</subfield>
    <subfield code="7">0</subfield>
    <subfield code="a">BCEJYS</subfield>
    <subfield code="b">BCEJYS</subfield>
    <subfield code="c">17</subfield>
    <subfield code="d">2002-02-06</subfield>
    <subfield code="h">Vol. 32, N&#xBA;4 - feb. 2002</subfield>
    <subfield code="l">0</subfield>
    <subfield code="o">H070 CHI v32.n4</subfield>
    <subfield code="p">R20179</subfield>
    <subfield code="r">2026-04-10 16:09:55</subfield>
    <subfield code="w">2026-04-10</subfield>
    <subfield code="y">RN</subfield>
  </datafield>
  <datafield tag="952" ind1=" " ind2=" ">
    <subfield code="0">0</subfield>
    <subfield code="1">0</subfield>
    <subfield code="4">0</subfield>
    <subfield code="7">0</subfield>
    <subfield code="a">BCEJYS</subfield>
    <subfield code="b">BCEJYS</subfield>
    <subfield code="c">17</subfield>
    <subfield code="d">2002-01-26</subfield>
    <subfield code="h">Vol. 32, N&#xBA;3 - ene. 2002</subfield>
    <subfield code="l">0</subfield>
    <subfield code="o">H070 CHI v32.n3</subfield>
    <subfield code="p">R20178</subfield>
    <subfield code="r">2026-04-10 16:09:55</subfield>
    <subfield code="w">2026-04-10</subfield>
    <subfield code="y">RN</subfield>
  </datafield>
  <datafield tag="952" ind1=" " ind2=" ">
    <subfield code="0">0</subfield>
    <subfield code="1">0</subfield>
    <subfield code="4">0</subfield>
    <subfield code="7">0</subfield>
    <subfield code="a">BCEJYS</subfield>
    <subfield code="b">BCEJYS</subfield>
    <subfield code="c">17</subfield>
    <subfield code="d">2002-01-16</subfield>
    <subfield code="h">Vol. 32, N&#xBA;2 - ene. 2002</subfield>
    <subfield code="l">0</subfield>
    <subfield code="o">H070 CHI v32.n2</subfield>
    <subfield code="p">R20177</subfield>
    <subfield code="r">2026-04-10 16:09:55</subfield>
    <subfield code="w">2026-04-10</subfield>
    <subfield code="y">RN</subfield>
  </datafield>
  <datafield tag="952" ind1=" " ind2=" ">
    <subfield code="0">0</subfield>
    <subfield code="1">0</subfield>
    <subfield code="4">0</subfield>
    <subfield code="7">0</subfield>
    <subfield code="a">BCEJYS</subfield>
    <subfield code="b">BCEJYS</subfield>
    <subfield code="c">17</subfield>
    <subfield code="d">2002-01-06</subfield>
    <subfield code="h">Vol. 32, N&#xBA;1 - ene. 2002</subfield>
    <subfield code="l">0</subfield>
    <subfield code="o">H070 CHI v32.n1</subfield>
    <subfield code="p">R20176</subfield>
    <subfield code="r">2026-04-10 16:09:55</subfield>
    <subfield code="w">2026-04-10</subfield>
    <subfield code="y">RN</subfield>
  </datafield>
  <datafield tag="952" ind1=" " ind2=" ">
    <subfield code="0">0</subfield>
    <subfield code="1">0</subfield>
    <subfield code="4">0</subfield>
    <subfield code="7">0</subfield>
    <subfield code="a">BCEJYS</subfield>
    <subfield code="b">BCEJYS</subfield>
    <subfield code="c">17</subfield>
    <subfield code="d">2001-12-26</subfield>
    <subfield code="h">Vol. 31, N&#xBA;35 - dic. 2001</subfield>
    <subfield code="l">0</subfield>
    <subfield code="o">H070 CHI v31.n35</subfield>
    <subfield code="p">R20175</subfield>
    <subfield code="r">2026-04-10 16:09:55</subfield>
    <subfield code="w">2026-04-10</subfield>
    <subfield code="y">RN</subfield>
  </datafield>
  <datafield tag="952" ind1=" " ind2=" ">
    <subfield code="0">0</subfield>
    <subfield code="1">0</subfield>
    <subfield code="4">0</subfield>
    <subfield code="7">0</subfield>
    <subfield code="a">BCEJYS</subfield>
    <subfield code="b">BCEJYS</subfield>
    <subfield code="c">17</subfield>
    <subfield code="d">2001-12-16</subfield>
    <subfield code="h">Vol. 31, N&#xBA;34 - dic. 2001</subfield>
    <subfield code="l">0</subfield>
    <subfield code="o">H070 CHI v31.n34</subfield>
    <subfield code="p">R20174</subfield>
    <subfield code="r">2026-04-10 16:09:55</subfield>
    <subfield code="w">2026-04-10</subfield>
    <subfield code="y">RN</subfield>
  </datafield>
  <datafield tag="952" ind1=" " ind2=" ">
    <subfield code="0">0</subfield>
    <subfield code="1">0</subfield>
    <subfield code="4">0</subfield>
    <subfield code="7">0</subfield>
    <subfield code="a">BCEJYS</subfield>
    <subfield code="b">BCEJYS</subfield>
    <subfield code="c">17</subfield>
    <subfield code="d">2001-12-06</subfield>
    <subfield code="h">Vol. 31, N&#xBA;33 - dic. 2001</subfield>
    <subfield code="l">0</subfield>
    <subfield code="o">H070 CHI v31.n33</subfield>
    <subfield code="p">R20173</subfield>
    <subfield code="r">2026-04-10 16:09:55</subfield>
    <subfield code="w">2026-04-10</subfield>
    <subfield code="y">RN</subfield>
  </datafield>
  <datafield tag="952" ind1=" " ind2=" ">
    <subfield code="0">0</subfield>
    <subfield code="1">0</subfield>
    <subfield code="4">0</subfield>
    <subfield code="7">0</subfield>
    <subfield code="a">BCEJYS</subfield>
    <subfield code="b">BCEJYS</subfield>
    <subfield code="c">17</subfield>
    <subfield code="d">2001-11-26</subfield>
    <subfield code="h">Vol. 31, N&#xBA;32 - nov. 2001</subfield>
    <subfield code="l">0</subfield>
    <subfield code="o">H070 CHI v31.n32</subfield>
    <subfield code="p">R20172</subfield>
    <subfield code="r">2026-04-10 16:09:55</subfield>
    <subfield code="w">2026-04-10</subfield>
    <subfield code="y">RN</subfield>
  </datafield>
  <datafield tag="952" ind1=" " ind2=" ">
    <subfield code="0">0</subfield>
    <subfield code="1">0</subfield>
    <subfield code="4">0</subfield>
    <subfield code="7">0</subfield>
    <subfield code="a">BCEJYS</subfield>
    <subfield code="b">BCEJYS</subfield>
    <subfield code="c">17</subfield>
    <subfield code="d">2001-11-16</subfield>
    <subfield code="h">Vol. 31, N&#xBA;31 - nov. 2001</subfield>
    <subfield code="l">0</subfield>
    <subfield code="o">H070 CHI v31.n31</subfield>
    <subfield code="p">R20171</subfield>
    <subfield code="r">2026-04-10 16:09:55</subfield>
    <subfield code="w">2026-04-10</subfield>
    <subfield code="y">RN</subfield>
  </datafield>
  <datafield tag="952" ind1=" " ind2=" ">
    <subfield code="0">0</subfield>
    <subfield code="1">0</subfield>
    <subfield code="4">0</subfield>
    <subfield code="7">0</subfield>
    <subfield code="a">BCEJYS</subfield>
    <subfield code="b">BCEJYS</subfield>
    <subfield code="c">17</subfield>
    <subfield code="d">2001-11-06</subfield>
    <subfield code="h">Vol. 31, N&#xBA;30 - nov. 2001</subfield>
    <subfield code="l">0</subfield>
    <subfield code="o">H070 CHI v31.n30</subfield>
    <subfield code="p">R20170</subfield>
    <subfield code="r">2026-04-10 16:09:55</subfield>
    <subfield code="w">2026-04-10</subfield>
    <subfield code="y">RN</subfield>
  </datafield>
  <datafield tag="952" ind1=" " ind2=" ">
    <subfield code="0">0</subfield>
    <subfield code="1">0</subfield>
    <subfield code="4">0</subfield>
    <subfield code="7">0</subfield>
    <subfield code="a">BCEJYS</subfield>
    <subfield code="b">BCEJYS</subfield>
    <subfield code="c">17</subfield>
    <subfield code="d">2001-10-26</subfield>
    <subfield code="h">Vol. 31, N&#xBA;29 - oct. 2001</subfield>
    <subfield code="l">0</subfield>
    <subfield code="o">H070 CHI v31.n29</subfield>
    <subfield code="p">R20169</subfield>
    <subfield code="r">2026-04-10 16:09:55</subfield>
    <subfield code="w">2026-04-10</subfield>
    <subfield code="y">RN</subfield>
  </datafield>
  <datafield tag="952" ind1=" " ind2=" ">
    <subfield code="0">0</subfield>
    <subfield code="1">0</subfield>
    <subfield code="4">0</subfield>
    <subfield code="7">0</subfield>
    <subfield code="a">BCEJYS</subfield>
    <subfield code="b">BCEJYS</subfield>
    <subfield code="c">17</subfield>
    <subfield code="d">2001-10-16</subfield>
    <subfield code="h">Vol. 31, N&#xBA;28 - oct. 2001</subfield>
    <subfield code="l">0</subfield>
    <subfield code="o">H070 CHI v31.n28</subfield>
    <subfield code="p">R20168</subfield>
    <subfield code="r">2026-04-10 16:09:55</subfield>
    <subfield code="w">2026-04-10</subfield>
    <subfield code="y">RN</subfield>
  </datafield>
  <datafield tag="952" ind1=" " ind2=" ">
    <subfield code="0">0</subfield>
    <subfield code="1">0</subfield>
    <subfield code="4">0</subfield>
    <subfield code="7">0</subfield>
    <subfield code="a">BCEJYS</subfield>
    <subfield code="b">BCEJYS</subfield>
    <subfield code="c">17</subfield>
    <subfield code="d">2001-10-06</subfield>
    <subfield code="h">Vol. 31, N&#xBA;27 - oct. 2001</subfield>
    <subfield code="l">0</subfield>
    <subfield code="o">H070 CHI v31.n27</subfield>
    <subfield code="p">R20167</subfield>
    <subfield code="r">2026-04-10 16:09:55</subfield>
    <subfield code="w">2026-04-10</subfield>
    <subfield code="y">RN</subfield>
  </datafield>
  <datafield tag="952" ind1=" " ind2=" ">
    <subfield code="0">0</subfield>
    <subfield code="1">0</subfield>
    <subfield code="4">0</subfield>
    <subfield code="7">0</subfield>
    <subfield code="a">BCEJYS</subfield>
    <subfield code="b">BCEJYS</subfield>
    <subfield code="c">17</subfield>
    <subfield code="d">2001-09-26</subfield>
    <subfield code="h">Vol. 31, N&#xBA;26 - sep. 2001</subfield>
    <subfield code="l">0</subfield>
    <subfield code="o">H070 CHI v31.n26</subfield>
    <subfield code="p">R20166</subfield>
    <subfield code="r">2026-04-10 16:09:55</subfield>
    <subfield code="w">2026-04-10</subfield>
    <subfield code="y">RN</subfield>
  </datafield>
  <datafield tag="952" ind1=" " ind2=" ">
    <subfield code="0">0</subfield>
    <subfield code="1">0</subfield>
    <subfield code="4">0</subfield>
    <subfield code="7">0</subfield>
    <subfield code="a">BCEJYS</subfield>
    <subfield code="b">BCEJYS</subfield>
    <subfield code="c">17</subfield>
    <subfield code="d">2001-09-16</subfield>
    <subfield code="h">Vol. 31, N&#xBA;25 - sep. 2001</subfield>
    <subfield code="l">0</subfield>
    <subfield code="o">H070 CHI v31.n25</subfield>
    <subfield code="p">R20165</subfield>
    <subfield code="r">2026-04-10 16:09:55</subfield>
    <subfield code="w">2026-04-10</subfield>
    <subfield code="y">RN</subfield>
  </datafield>
  <datafield tag="952" ind1=" " ind2=" ">
    <subfield code="0">0</subfield>
    <subfield code="1">0</subfield>
    <subfield code="4">0</subfield>
    <subfield code="7">0</subfield>
    <subfield code="a">BCEJYS</subfield>
    <subfield code="b">BCEJYS</subfield>
    <subfield code="c">17</subfield>
    <subfield code="d">2001-09-06</subfield>
    <subfield code="h">Vol. 31, N&#xBA;24 - sep. 2001</subfield>
    <subfield code="l">0</subfield>
    <subfield code="o">H070 CHI v31.n24</subfield>
    <subfield code="p">R20164</subfield>
    <subfield code="r">2026-04-10 16:09:55</subfield>
    <subfield code="w">2026-04-10</subfield>
    <subfield code="y">RN</subfield>
  </datafield>
  <datafield tag="952" ind1=" " ind2=" ">
    <subfield code="0">0</subfield>
    <subfield code="1">0</subfield>
    <subfield code="4">0</subfield>
    <subfield code="7">0</subfield>
    <subfield code="a">BCEJYS</subfield>
    <subfield code="b">BCEJYS</subfield>
    <subfield code="c">17</subfield>
    <subfield code="d">2001-08-26</subfield>
    <subfield code="h">Vol. 31, N&#xBA;23 - ago. 2001</subfield>
    <subfield code="l">0</subfield>
    <subfield code="o">H070 CHI v31.n23</subfield>
    <subfield code="p">R20163</subfield>
    <subfield code="r">2026-04-10 16:09:55</subfield>
    <subfield code="w">2026-04-10</subfield>
    <subfield code="y">RN</subfield>
  </datafield>
  <datafield tag="952" ind1=" " ind2=" ">
    <subfield code="0">0</subfield>
    <subfield code="1">0</subfield>
    <subfield code="4">0</subfield>
    <subfield code="7">0</subfield>
    <subfield code="a">BCEJYS</subfield>
    <subfield code="b">BCEJYS</subfield>
    <subfield code="c">17</subfield>
    <subfield code="d">2001-08-16</subfield>
    <subfield code="h">Vol. 31, N&#xBA;22 - ago. 2001</subfield>
    <subfield code="l">0</subfield>
    <subfield code="o">H070 CHI v31.n22</subfield>
    <subfield code="p">R20162</subfield>
    <subfield code="r">2026-04-10 16:09:55</subfield>
    <subfield code="w">2026-04-10</subfield>
    <subfield code="y">RN</subfield>
  </datafield>
  <datafield tag="952" ind1=" " ind2=" ">
    <subfield code="0">0</subfield>
    <subfield code="1">0</subfield>
    <subfield code="4">0</subfield>
    <subfield code="7">0</subfield>
    <subfield code="a">BCEJYS</subfield>
    <subfield code="b">BCEJYS</subfield>
    <subfield code="c">17</subfield>
    <subfield code="d">2001-08-06</subfield>
    <subfield code="h">Vol. 31, N&#xBA;21 - ago. 2001</subfield>
    <subfield code="l">0</subfield>
    <subfield code="o">H070 CHI v31.n21</subfield>
    <subfield code="p">R20161</subfield>
    <subfield code="r">2026-04-10 16:09:55</subfield>
    <subfield code="w">2026-04-10</subfield>
    <subfield code="y">RN</subfield>
  </datafield>
  <datafield tag="952" ind1=" " ind2=" ">
    <subfield code="0">0</subfield>
    <subfield code="1">0</subfield>
    <subfield code="4">0</subfield>
    <subfield code="7">0</subfield>
    <subfield code="a">BCEJYS</subfield>
    <subfield code="b">BCEJYS</subfield>
    <subfield code="c">17</subfield>
    <subfield code="d">2001-07-26</subfield>
    <subfield code="h">Vol. 31, N&#xBA;20 - jul. 2001</subfield>
    <subfield code="l">0</subfield>
    <subfield code="o">H070 CHI v31.n20</subfield>
    <subfield code="p">R20160</subfield>
    <subfield code="r">2026-04-10 16:09:55</subfield>
    <subfield code="w">2026-04-10</subfield>
    <subfield code="y">RN</subfield>
  </datafield>
  <datafield tag="952" ind1=" " ind2=" ">
    <subfield code="0">0</subfield>
    <subfield code="1">0</subfield>
    <subfield code="4">0</subfield>
    <subfield code="7">0</subfield>
    <subfield code="a">BCEJYS</subfield>
    <subfield code="b">BCEJYS</subfield>
    <subfield code="c">17</subfield>
    <subfield code="d">2001-07-16</subfield>
    <subfield code="h">Vol. 31, N&#xBA;19 - jul. 2001</subfield>
    <subfield code="l">0</subfield>
    <subfield code="o">H070 CHI v31.n19</subfield>
    <subfield code="p">R20159</subfield>
    <subfield code="r">2026-04-10 16:09:55</subfield>
    <subfield code="w">2026-04-10</subfield>
    <subfield code="y">RN</subfield>
  </datafield>
  <datafield tag="952" ind1=" " ind2=" ">
    <subfield code="0">0</subfield>
    <subfield code="1">0</subfield>
    <subfield code="4">0</subfield>
    <subfield code="7">0</subfield>
    <subfield code="a">BCEJYS</subfield>
    <subfield code="b">BCEJYS</subfield>
    <subfield code="c">17</subfield>
    <subfield code="d">2001-06-26</subfield>
    <subfield code="h">Vol. 31, N&#xBA;17 - jun. 2001</subfield>
    <subfield code="l">0</subfield>
    <subfield code="o">H070 CHI v31.n17</subfield>
    <subfield code="p">R20157</subfield>
    <subfield code="r">2026-04-10 16:09:55</subfield>
    <subfield code="w">2026-04-10</subfield>
    <subfield code="y">RN</subfield>
  </datafield>
  <datafield tag="952" ind1=" " ind2=" ">
    <subfield code="0">0</subfield>
    <subfield code="1">0</subfield>
    <subfield code="4">0</subfield>
    <subfield code="7">0</subfield>
    <subfield code="a">BCEJYS</subfield>
    <subfield code="b">BCEJYS</subfield>
    <subfield code="c">17</subfield>
    <subfield code="d">2001-06-16</subfield>
    <subfield code="h">Vol. 31, N&#xBA;16 - jun. 2001</subfield>
    <subfield code="l">0</subfield>
    <subfield code="o">H070 CHI v31.n16</subfield>
    <subfield code="p">R20156</subfield>
    <subfield code="r">2026-04-10 16:09:55</subfield>
    <subfield code="w">2026-04-10</subfield>
    <subfield code="y">RN</subfield>
  </datafield>
  <datafield tag="952" ind1=" " ind2=" ">
    <subfield code="0">0</subfield>
    <subfield code="1">0</subfield>
    <subfield code="4">0</subfield>
    <subfield code="7">0</subfield>
    <subfield code="a">BCEJYS</subfield>
    <subfield code="b">BCEJYS</subfield>
    <subfield code="c">17</subfield>
    <subfield code="d">2001-06-06</subfield>
    <subfield code="h">Vol. 31, N&#xBA;18 - jun. 2001</subfield>
    <subfield code="l">0</subfield>
    <subfield code="o">H070 CHI v31.n18</subfield>
    <subfield code="p">R20158</subfield>
    <subfield code="r">2026-04-10 16:09:55</subfield>
    <subfield code="w">2026-04-10</subfield>
    <subfield code="y">RN</subfield>
  </datafield>
  <datafield tag="952" ind1=" " ind2=" ">
    <subfield code="0">0</subfield>
    <subfield code="1">0</subfield>
    <subfield code="4">0</subfield>
    <subfield code="7">0</subfield>
    <subfield code="a">BCEJYS</subfield>
    <subfield code="b">BCEJYS</subfield>
    <subfield code="c">17</subfield>
    <subfield code="d">2001-06-06</subfield>
    <subfield code="h">Vol. 31, N&#xBA;15 - jun. 2001</subfield>
    <subfield code="l">0</subfield>
    <subfield code="o">H070 CHI v31.n15</subfield>
    <subfield code="p">R20155</subfield>
    <subfield code="r">2026-04-10 16:09:55</subfield>
    <subfield code="w">2026-04-10</subfield>
    <subfield code="y">RN</subfield>
  </datafield>
  <datafield tag="952" ind1=" " ind2=" ">
    <subfield code="0">0</subfield>
    <subfield code="1">0</subfield>
    <subfield code="4">0</subfield>
    <subfield code="7">0</subfield>
    <subfield code="a">BCEJYS</subfield>
    <subfield code="b">BCEJYS</subfield>
    <subfield code="c">17</subfield>
    <subfield code="d">2001-05-26</subfield>
    <subfield code="h">Vol. 31, N&#xBA;14 - mayo 2001</subfield>
    <subfield code="l">0</subfield>
    <subfield code="o">H070 CHI v31.n14</subfield>
    <subfield code="p">R20154</subfield>
    <subfield code="r">2026-04-10 16:09:55</subfield>
    <subfield code="w">2026-04-10</subfield>
    <subfield code="y">RN</subfield>
  </datafield>
  <datafield tag="952" ind1=" " ind2=" ">
    <subfield code="0">0</subfield>
    <subfield code="1">0</subfield>
    <subfield code="4">0</subfield>
    <subfield code="7">0</subfield>
    <subfield code="a">BCEJYS</subfield>
    <subfield code="b">BCEJYS</subfield>
    <subfield code="c">17</subfield>
    <subfield code="d">2001-05-16</subfield>
    <subfield code="h">Vol. 31, N&#xBA;13 - mayo 2001</subfield>
    <subfield code="l">0</subfield>
    <subfield code="o">H070 CHI v31.n13</subfield>
    <subfield code="p">R20153</subfield>
    <subfield code="r">2026-04-10 16:09:55</subfield>
    <subfield code="w">2026-04-10</subfield>
    <subfield code="y">RN</subfield>
  </datafield>
  <datafield tag="952" ind1=" " ind2=" ">
    <subfield code="0">0</subfield>
    <subfield code="1">0</subfield>
    <subfield code="4">0</subfield>
    <subfield code="7">0</subfield>
    <subfield code="a">BCEJYS</subfield>
    <subfield code="b">BCEJYS</subfield>
    <subfield code="c">17</subfield>
    <subfield code="d">2001-05-06</subfield>
    <subfield code="h">Vol. 31, N&#xBA;12 - mayo 2001</subfield>
    <subfield code="l">0</subfield>
    <subfield code="o">H070 CHI v31.n12</subfield>
    <subfield code="p">R20152</subfield>
    <subfield code="r">2026-04-10 16:09:55</subfield>
    <subfield code="w">2026-04-10</subfield>
    <subfield code="y">RN</subfield>
  </datafield>
  <datafield tag="952" ind1=" " ind2=" ">
    <subfield code="0">0</subfield>
    <subfield code="1">0</subfield>
    <subfield code="4">0</subfield>
    <subfield code="7">0</subfield>
    <subfield code="a">BCEJYS</subfield>
    <subfield code="b">BCEJYS</subfield>
    <subfield code="c">17</subfield>
    <subfield code="d">2001-04-26</subfield>
    <subfield code="h">Vol. 31, N&#xBA;11 - abr. 2001</subfield>
    <subfield code="l">0</subfield>
    <subfield code="o">H070 CHI v31.n11</subfield>
    <subfield code="p">R20151</subfield>
    <subfield code="r">2026-04-10 16:09:55</subfield>
    <subfield code="w">2026-04-10</subfield>
    <subfield code="y">RN</subfield>
  </datafield>
  <datafield tag="952" ind1=" " ind2=" ">
    <subfield code="0">0</subfield>
    <subfield code="1">0</subfield>
    <subfield code="4">0</subfield>
    <subfield code="7">0</subfield>
    <subfield code="a">BCEJYS</subfield>
    <subfield code="b">BCEJYS</subfield>
    <subfield code="c">17</subfield>
    <subfield code="d">2001-04-16</subfield>
    <subfield code="h">Vol. 31, N&#xBA; 10 - abr. 2001</subfield>
    <subfield code="l">0</subfield>
    <subfield code="o">H070 CHI v31.n10</subfield>
    <subfield code="p">R20140</subfield>
    <subfield code="r">2026-04-10 16:09:55</subfield>
    <subfield code="w">2026-04-10</subfield>
    <subfield code="y">RN</subfield>
  </datafield>
  <datafield tag="952" ind1=" " ind2=" ">
    <subfield code="0">0</subfield>
    <subfield code="1">0</subfield>
    <subfield code="4">0</subfield>
    <subfield code="7">0</subfield>
    <subfield code="a">BCEJYS</subfield>
    <subfield code="b">BCEJYS</subfield>
    <subfield code="c">17</subfield>
    <subfield code="d">2001-04-06</subfield>
    <subfield code="h">Vol. 31, N&#xBA; 9 - abr. 2001</subfield>
    <subfield code="l">0</subfield>
    <subfield code="o">H070 CHI v31.n9</subfield>
    <subfield code="p">R20138</subfield>
    <subfield code="r">2026-04-10 16:09:55</subfield>
    <subfield code="w">2026-04-10</subfield>
    <subfield code="y">RN</subfield>
  </datafield>
  <datafield tag="952" ind1=" " ind2=" ">
    <subfield code="0">0</subfield>
    <subfield code="1">0</subfield>
    <subfield code="4">0</subfield>
    <subfield code="7">0</subfield>
    <subfield code="a">BCEJYS</subfield>
    <subfield code="b">BCEJYS</subfield>
    <subfield code="c">17</subfield>
    <subfield code="d">2001-03-26</subfield>
    <subfield code="h">Vol. 31, N&#xBA; 8 - mar. 2001</subfield>
    <subfield code="l">0</subfield>
    <subfield code="o">H070 CHI v31.n8</subfield>
    <subfield code="p">R20136</subfield>
    <subfield code="r">2026-04-10 16:09:55</subfield>
    <subfield code="w">2026-04-10</subfield>
    <subfield code="y">RN</subfield>
  </datafield>
  <datafield tag="952" ind1=" " ind2=" ">
    <subfield code="0">0</subfield>
    <subfield code="1">0</subfield>
    <subfield code="4">0</subfield>
    <subfield code="7">0</subfield>
    <subfield code="a">BCEJYS</subfield>
    <subfield code="b">BCEJYS</subfield>
    <subfield code="c">17</subfield>
    <subfield code="d">2001-03-16</subfield>
    <subfield code="h">Vol. 31, N&#xBA; 7 - mar. 2001</subfield>
    <subfield code="l">0</subfield>
    <subfield code="o">H070 CHI v31.n7</subfield>
    <subfield code="p">R20132</subfield>
    <subfield code="r">2026-04-10 16:09:55</subfield>
    <subfield code="w">2026-04-10</subfield>
    <subfield code="y">RN</subfield>
  </datafield>
  <datafield tag="952" ind1=" " ind2=" ">
    <subfield code="0">0</subfield>
    <subfield code="1">0</subfield>
    <subfield code="4">0</subfield>
    <subfield code="7">0</subfield>
    <subfield code="a">BCEJYS</subfield>
    <subfield code="b">BCEJYS</subfield>
    <subfield code="c">17</subfield>
    <subfield code="d">2001-03-06</subfield>
    <subfield code="h">Vol. 31, N&#xBA; 6 - mar. 2001</subfield>
    <subfield code="l">0</subfield>
    <subfield code="o">H070 CHI v31.n6</subfield>
    <subfield code="p">R20131</subfield>
    <subfield code="r">2026-04-10 16:09:55</subfield>
    <subfield code="w">2026-04-10</subfield>
    <subfield code="y">RN</subfield>
  </datafield>
  <datafield tag="952" ind1=" " ind2=" ">
    <subfield code="0">0</subfield>
    <subfield code="1">0</subfield>
    <subfield code="4">0</subfield>
    <subfield code="7">0</subfield>
    <subfield code="a">BCEJYS</subfield>
    <subfield code="b">BCEJYS</subfield>
    <subfield code="c">17</subfield>
    <subfield code="d">2001-02-26</subfield>
    <subfield code="h">Vol. 31, N&#xBA; 5 - feb. 2001</subfield>
    <subfield code="l">0</subfield>
    <subfield code="o">H070 CHI v31.n5</subfield>
    <subfield code="p">R20130</subfield>
    <subfield code="r">2026-04-10 16:09:55</subfield>
    <subfield code="w">2026-04-10</subfield>
    <subfield code="y">RN</subfield>
  </datafield>
  <datafield tag="952" ind1=" " ind2=" ">
    <subfield code="0">0</subfield>
    <subfield code="1">0</subfield>
    <subfield code="4">0</subfield>
    <subfield code="7">0</subfield>
    <subfield code="a">BCEJYS</subfield>
    <subfield code="b">BCEJYS</subfield>
    <subfield code="c">17</subfield>
    <subfield code="d">2001-02-16</subfield>
    <subfield code="h">Vol. 31, N&#xBA; 4 - feb. 2001</subfield>
    <subfield code="l">0</subfield>
    <subfield code="o">H070 CHI v31.n4</subfield>
    <subfield code="p">R20128</subfield>
    <subfield code="r">2026-04-10 16:09:56</subfield>
    <subfield code="w">2026-04-10</subfield>
    <subfield code="y">RN</subfield>
  </datafield>
  <datafield tag="952" ind1=" " ind2=" ">
    <subfield code="0">0</subfield>
    <subfield code="1">0</subfield>
    <subfield code="4">0</subfield>
    <subfield code="7">0</subfield>
    <subfield code="a">BCEJYS</subfield>
    <subfield code="b">BCEJYS</subfield>
    <subfield code="c">17</subfield>
    <subfield code="d">2001-02-06</subfield>
    <subfield code="h">Vol. 31, N&#xBA; 3 - feb. 2001</subfield>
    <subfield code="l">0</subfield>
    <subfield code="o">H070 CHI v31.n3</subfield>
    <subfield code="p">R20127</subfield>
    <subfield code="r">2026-04-10 16:09:56</subfield>
    <subfield code="w">2026-04-10</subfield>
    <subfield code="y">RN</subfield>
  </datafield>
  <datafield tag="952" ind1=" " ind2=" ">
    <subfield code="0">0</subfield>
    <subfield code="1">0</subfield>
    <subfield code="4">0</subfield>
    <subfield code="7">0</subfield>
    <subfield code="a">BCEJYS</subfield>
    <subfield code="b">BCEJYS</subfield>
    <subfield code="c">17</subfield>
    <subfield code="d">2001-01-16</subfield>
    <subfield code="h">Vol. 31, N&#xBA; 2 - ene. 2001</subfield>
    <subfield code="l">0</subfield>
    <subfield code="o">H070 CHI v31.n2</subfield>
    <subfield code="p">R20126</subfield>
    <subfield code="r">2026-04-10 16:09:56</subfield>
    <subfield code="w">2026-04-10</subfield>
    <subfield code="y">RN</subfield>
  </datafield>
  <datafield tag="952" ind1=" " ind2=" ">
    <subfield code="0">0</subfield>
    <subfield code="1">0</subfield>
    <subfield code="4">0</subfield>
    <subfield code="7">0</subfield>
    <subfield code="a">BCEJYS</subfield>
    <subfield code="b">BCEJYS</subfield>
    <subfield code="c">17</subfield>
    <subfield code="d">2001-01-06</subfield>
    <subfield code="h">Vol. 31, N&#xBA; 1 - ene. 2001</subfield>
    <subfield code="l">0</subfield>
    <subfield code="o">H070 CHI v31.n1</subfield>
    <subfield code="p">R20125</subfield>
    <subfield code="r">2026-04-10 16:09:56</subfield>
    <subfield code="w">2026-04-10</subfield>
    <subfield code="y">RN</subfield>
  </datafield>
  <datafield tag="952" ind1=" " ind2=" ">
    <subfield code="0">0</subfield>
    <subfield code="1">0</subfield>
    <subfield code="4">0</subfield>
    <subfield code="7">0</subfield>
    <subfield code="a">BCEJYS</subfield>
    <subfield code="b">BCEJYS</subfield>
    <subfield code="c">17</subfield>
    <subfield code="d">2000-12-26</subfield>
    <subfield code="h">Vol. 30, N&#xBA; 35 - dic. 2000</subfield>
    <subfield code="l">0</subfield>
    <subfield code="o">H070 CHI v30.n35</subfield>
    <subfield code="p">R20124</subfield>
    <subfield code="r">2026-04-10 16:09:56</subfield>
    <subfield code="w">2026-04-10</subfield>
    <subfield code="y">RN</subfield>
  </datafield>
  <datafield tag="952" ind1=" " ind2=" ">
    <subfield code="0">0</subfield>
    <subfield code="1">0</subfield>
    <subfield code="4">0</subfield>
    <subfield code="7">0</subfield>
    <subfield code="a">BCEJYS</subfield>
    <subfield code="b">BCEJYS</subfield>
    <subfield code="c">17</subfield>
    <subfield code="d">2000-12-16</subfield>
    <subfield code="h">Vol. 30, N&#xBA; 34 - dic. 2000</subfield>
    <subfield code="l">0</subfield>
    <subfield code="o">H070 CHI v30.n34</subfield>
    <subfield code="p">R20123</subfield>
    <subfield code="r">2026-04-10 16:09:56</subfield>
    <subfield code="w">2026-04-10</subfield>
    <subfield code="y">RN</subfield>
  </datafield>
  <datafield tag="952" ind1=" " ind2=" ">
    <subfield code="0">0</subfield>
    <subfield code="1">0</subfield>
    <subfield code="4">0</subfield>
    <subfield code="7">0</subfield>
    <subfield code="a">BCEJYS</subfield>
    <subfield code="b">BCEJYS</subfield>
    <subfield code="c">17</subfield>
    <subfield code="d">2000-12-06</subfield>
    <subfield code="h">Vol. 30, N&#xBA; 33 - dic. 2000</subfield>
    <subfield code="l">0</subfield>
    <subfield code="o">H070 CHI v30.n33</subfield>
    <subfield code="p">R20122</subfield>
    <subfield code="r">2026-04-10 16:09:56</subfield>
    <subfield code="w">2026-04-10</subfield>
    <subfield code="y">RN</subfield>
  </datafield>
  <datafield tag="952" ind1=" " ind2=" ">
    <subfield code="0">0</subfield>
    <subfield code="1">0</subfield>
    <subfield code="4">0</subfield>
    <subfield code="7">0</subfield>
    <subfield code="a">BCEJYS</subfield>
    <subfield code="b">BCEJYS</subfield>
    <subfield code="c">17</subfield>
    <subfield code="d">2000-11-25</subfield>
    <subfield code="h">Vol. 30, N&#xBA; 32 - nov. 2000</subfield>
    <subfield code="l">0</subfield>
    <subfield code="o">H070 CHI v30.n32</subfield>
    <subfield code="p">R20121</subfield>
    <subfield code="r">2026-04-10 16:09:56</subfield>
    <subfield code="w">2026-04-10</subfield>
    <subfield code="y">RN</subfield>
  </datafield>
  <datafield tag="952" ind1=" " ind2=" ">
    <subfield code="0">0</subfield>
    <subfield code="1">0</subfield>
    <subfield code="4">0</subfield>
    <subfield code="7">0</subfield>
    <subfield code="a">BCEJYS</subfield>
    <subfield code="b">BCEJYS</subfield>
    <subfield code="c">17</subfield>
    <subfield code="d">2000-11-16</subfield>
    <subfield code="h">Vol. 30, N&#xBA; 31 - nov. 2000</subfield>
    <subfield code="l">0</subfield>
    <subfield code="o">H070 CHI v30.n31</subfield>
    <subfield code="p">R20120</subfield>
    <subfield code="r">2026-04-10 16:09:56</subfield>
    <subfield code="w">2026-04-10</subfield>
    <subfield code="y">RN</subfield>
  </datafield>
  <datafield tag="952" ind1=" " ind2=" ">
    <subfield code="0">0</subfield>
    <subfield code="1">0</subfield>
    <subfield code="4">0</subfield>
    <subfield code="7">0</subfield>
    <subfield code="a">BCEJYS</subfield>
    <subfield code="b">BCEJYS</subfield>
    <subfield code="c">17</subfield>
    <subfield code="d">2000-11-06</subfield>
    <subfield code="h">Vol. 30, N&#xBA; 30 - nov. 2000</subfield>
    <subfield code="l">0</subfield>
    <subfield code="o">H070 CHI v30.n30</subfield>
    <subfield code="p">R20119</subfield>
    <subfield code="r">2026-04-10 16:09:56</subfield>
    <subfield code="w">2026-04-10</subfield>
    <subfield code="y">RN</subfield>
  </datafield>
  <datafield tag="952" ind1=" " ind2=" ">
    <subfield code="0">0</subfield>
    <subfield code="1">0</subfield>
    <subfield code="4">0</subfield>
    <subfield code="7">0</subfield>
    <subfield code="a">BCEJYS</subfield>
    <subfield code="b">BCEJYS</subfield>
    <subfield code="c">17</subfield>
    <subfield code="d">2000-10-26</subfield>
    <subfield code="h">Vol. 30, N&#xBA; 29 - oct. 2000</subfield>
    <subfield code="l">0</subfield>
    <subfield code="o">H070 CHI v30.n29</subfield>
    <subfield code="p">R20118</subfield>
    <subfield code="r">2026-04-10 16:09:56</subfield>
    <subfield code="w">2026-04-10</subfield>
    <subfield code="y">RN</subfield>
  </datafield>
  <datafield tag="952" ind1=" " ind2=" ">
    <subfield code="0">0</subfield>
    <subfield code="1">0</subfield>
    <subfield code="4">0</subfield>
    <subfield code="7">0</subfield>
    <subfield code="a">BCEJYS</subfield>
    <subfield code="b">BCEJYS</subfield>
    <subfield code="c">17</subfield>
    <subfield code="d">2000-10-16</subfield>
    <subfield code="h">Vol. 30, N&#xBA; 28 - oct. 2000</subfield>
    <subfield code="l">0</subfield>
    <subfield code="o">H070 CHI v30.n28</subfield>
    <subfield code="p">R20117</subfield>
    <subfield code="r">2026-04-10 16:09:56</subfield>
    <subfield code="w">2026-04-10</subfield>
    <subfield code="y">RN</subfield>
  </datafield>
  <datafield tag="952" ind1=" " ind2=" ">
    <subfield code="0">0</subfield>
    <subfield code="1">0</subfield>
    <subfield code="4">0</subfield>
    <subfield code="7">0</subfield>
    <subfield code="a">BCEJYS</subfield>
    <subfield code="b">BCEJYS</subfield>
    <subfield code="c">17</subfield>
    <subfield code="d">2000-10-06</subfield>
    <subfield code="h">Vol. 30, N&#xBA; 27 - oct. 2000</subfield>
    <subfield code="l">0</subfield>
    <subfield code="o">H070 CHI v30.n27</subfield>
    <subfield code="p">R20116</subfield>
    <subfield code="r">2026-04-10 16:09:56</subfield>
    <subfield code="w">2026-04-10</subfield>
    <subfield code="y">RN</subfield>
  </datafield>
  <datafield tag="952" ind1=" " ind2=" ">
    <subfield code="0">0</subfield>
    <subfield code="1">0</subfield>
    <subfield code="4">0</subfield>
    <subfield code="7">0</subfield>
    <subfield code="a">BCEJYS</subfield>
    <subfield code="b">BCEJYS</subfield>
    <subfield code="c">17</subfield>
    <subfield code="d">2000-09-26</subfield>
    <subfield code="h">Vol. 30, N&#xBA; 26 - sep. 2000</subfield>
    <subfield code="l">0</subfield>
    <subfield code="o">H070 CHI v30.n26</subfield>
    <subfield code="p">R20115</subfield>
    <subfield code="r">2026-04-10 16:09:56</subfield>
    <subfield code="w">2026-04-10</subfield>
    <subfield code="y">RN</subfield>
  </datafield>
  <datafield tag="952" ind1=" " ind2=" ">
    <subfield code="0">0</subfield>
    <subfield code="1">0</subfield>
    <subfield code="4">0</subfield>
    <subfield code="7">0</subfield>
    <subfield code="a">BCEJYS</subfield>
    <subfield code="b">BCEJYS</subfield>
    <subfield code="c">17</subfield>
    <subfield code="d">2000-09-16</subfield>
    <subfield code="h">Vol. 30, N&#xBA; 25 - sep. 2000</subfield>
    <subfield code="l">0</subfield>
    <subfield code="o">H070 CHI v30.n25</subfield>
    <subfield code="p">R20114</subfield>
    <subfield code="r">2026-04-10 16:09:56</subfield>
    <subfield code="w">2026-04-10</subfield>
    <subfield code="y">RN</subfield>
  </datafield>
  <datafield tag="952" ind1=" " ind2=" ">
    <subfield code="0">0</subfield>
    <subfield code="1">0</subfield>
    <subfield code="4">0</subfield>
    <subfield code="7">0</subfield>
    <subfield code="a">BCEJYS</subfield>
    <subfield code="b">BCEJYS</subfield>
    <subfield code="c">17</subfield>
    <subfield code="d">2000-09-06</subfield>
    <subfield code="h">Vol. 30, N&#xBA; 24 - sep. 2000</subfield>
    <subfield code="l">0</subfield>
    <subfield code="o">H070 CHI v30.n24</subfield>
    <subfield code="p">R20110</subfield>
    <subfield code="r">2026-04-10 16:09:56</subfield>
    <subfield code="w">2026-04-10</subfield>
    <subfield code="y">RN</subfield>
  </datafield>
  <datafield tag="952" ind1=" " ind2=" ">
    <subfield code="0">0</subfield>
    <subfield code="1">0</subfield>
    <subfield code="4">0</subfield>
    <subfield code="7">0</subfield>
    <subfield code="a">BCEJYS</subfield>
    <subfield code="b">BCEJYS</subfield>
    <subfield code="c">17</subfield>
    <subfield code="d">2000-08-26</subfield>
    <subfield code="h">Vol. 30, N&#xBA; 23 - ago. 2000</subfield>
    <subfield code="l">0</subfield>
    <subfield code="o">H070 CHI v30.n23</subfield>
    <subfield code="p">R20109</subfield>
    <subfield code="r">2026-04-10 16:09:56</subfield>
    <subfield code="w">2026-04-10</subfield>
    <subfield code="y">RN</subfield>
  </datafield>
  <datafield tag="952" ind1=" " ind2=" ">
    <subfield code="0">0</subfield>
    <subfield code="1">0</subfield>
    <subfield code="4">0</subfield>
    <subfield code="7">0</subfield>
    <subfield code="a">BCEJYS</subfield>
    <subfield code="b">BCEJYS</subfield>
    <subfield code="c">17</subfield>
    <subfield code="d">2000-08-16</subfield>
    <subfield code="h">Vol. 30, N&#xBA; 22 - ago. 2000</subfield>
    <subfield code="l">0</subfield>
    <subfield code="o">H070 CHI v30.n22</subfield>
    <subfield code="p">R20108</subfield>
    <subfield code="r">2026-04-10 16:09:56</subfield>
    <subfield code="w">2026-04-10</subfield>
    <subfield code="y">RN</subfield>
  </datafield>
  <datafield tag="952" ind1=" " ind2=" ">
    <subfield code="0">0</subfield>
    <subfield code="1">0</subfield>
    <subfield code="4">0</subfield>
    <subfield code="7">0</subfield>
    <subfield code="a">BCEJYS</subfield>
    <subfield code="b">BCEJYS</subfield>
    <subfield code="c">17</subfield>
    <subfield code="d">2000-08-06</subfield>
    <subfield code="h">Vol. 30, N&#xBA; 21 - ago. 2000</subfield>
    <subfield code="l">0</subfield>
    <subfield code="o">H070 CHI v30.n21</subfield>
    <subfield code="p">R20107</subfield>
    <subfield code="r">2026-04-10 16:09:56</subfield>
    <subfield code="w">2026-04-10</subfield>
    <subfield code="y">RN</subfield>
  </datafield>
  <datafield tag="952" ind1=" " ind2=" ">
    <subfield code="0">0</subfield>
    <subfield code="1">0</subfield>
    <subfield code="4">0</subfield>
    <subfield code="7">0</subfield>
    <subfield code="a">BCEJYS</subfield>
    <subfield code="b">BCEJYS</subfield>
    <subfield code="c">17</subfield>
    <subfield code="d">2000-07-26</subfield>
    <subfield code="h">Vol. 30, N&#xBA; 20 - jul. 2000</subfield>
    <subfield code="l">0</subfield>
    <subfield code="o">H070 CHI v30.n20</subfield>
    <subfield code="p">R20106</subfield>
    <subfield code="r">2026-04-10 16:09:56</subfield>
    <subfield code="w">2026-04-10</subfield>
    <subfield code="y">RN</subfield>
  </datafield>
  <datafield tag="952" ind1=" " ind2=" ">
    <subfield code="0">0</subfield>
    <subfield code="1">0</subfield>
    <subfield code="4">0</subfield>
    <subfield code="7">0</subfield>
    <subfield code="a">BCEJYS</subfield>
    <subfield code="b">BCEJYS</subfield>
    <subfield code="c">17</subfield>
    <subfield code="d">2000-07-16</subfield>
    <subfield code="h">Vol. 30, N&#xBA; 19 - jul. 2000</subfield>
    <subfield code="l">0</subfield>
    <subfield code="o">H070 CHI v30.n19</subfield>
    <subfield code="p">R20105</subfield>
    <subfield code="r">2026-04-10 16:09:56</subfield>
    <subfield code="w">2026-04-10</subfield>
    <subfield code="y">RN</subfield>
  </datafield>
  <datafield tag="952" ind1=" " ind2=" ">
    <subfield code="0">0</subfield>
    <subfield code="1">0</subfield>
    <subfield code="4">0</subfield>
    <subfield code="7">0</subfield>
    <subfield code="a">BCEJYS</subfield>
    <subfield code="b">BCEJYS</subfield>
    <subfield code="c">17</subfield>
    <subfield code="d">2000-07-06</subfield>
    <subfield code="h">Vol. 30, N&#xBA; 18 - jul. 2000</subfield>
    <subfield code="l">0</subfield>
    <subfield code="o">H070 CHI v30.n18</subfield>
    <subfield code="p">R20104</subfield>
    <subfield code="r">2026-04-10 16:09:56</subfield>
    <subfield code="w">2026-04-10</subfield>
    <subfield code="y">RN</subfield>
  </datafield>
  <datafield tag="952" ind1=" " ind2=" ">
    <subfield code="0">0</subfield>
    <subfield code="1">0</subfield>
    <subfield code="4">0</subfield>
    <subfield code="7">0</subfield>
    <subfield code="a">BCEJYS</subfield>
    <subfield code="b">BCEJYS</subfield>
    <subfield code="c">17</subfield>
    <subfield code="d">2000-06-26</subfield>
    <subfield code="h">Vol. 30, N&#xBA; 17 - jun. 2000</subfield>
    <subfield code="l">0</subfield>
    <subfield code="o">H070 CHI v30.n17</subfield>
    <subfield code="p">R20103</subfield>
    <subfield code="r">2026-04-10 16:09:56</subfield>
    <subfield code="w">2026-04-10</subfield>
    <subfield code="y">RN</subfield>
  </datafield>
  <datafield tag="952" ind1=" " ind2=" ">
    <subfield code="0">0</subfield>
    <subfield code="1">0</subfield>
    <subfield code="4">0</subfield>
    <subfield code="7">0</subfield>
    <subfield code="a">BCEJYS</subfield>
    <subfield code="b">BCEJYS</subfield>
    <subfield code="c">17</subfield>
    <subfield code="d">2000-06-16</subfield>
    <subfield code="h">Vol. 30, N&#xBA; 16 - jun. 2000</subfield>
    <subfield code="l">0</subfield>
    <subfield code="o">H070 CHI v30.n16</subfield>
    <subfield code="p">R20102</subfield>
    <subfield code="r">2026-04-10 16:09:56</subfield>
    <subfield code="w">2026-04-10</subfield>
    <subfield code="y">RN</subfield>
  </datafield>
  <datafield tag="952" ind1=" " ind2=" ">
    <subfield code="0">0</subfield>
    <subfield code="1">0</subfield>
    <subfield code="4">0</subfield>
    <subfield code="7">0</subfield>
    <subfield code="a">BCEJYS</subfield>
    <subfield code="b">BCEJYS</subfield>
    <subfield code="c">17</subfield>
    <subfield code="d">2000-06-06</subfield>
    <subfield code="h">Vol. 30, N&#xBA; 15 - jun. 2000</subfield>
    <subfield code="l">0</subfield>
    <subfield code="o">H070 CHI v30.n15</subfield>
    <subfield code="p">R20101</subfield>
    <subfield code="r">2026-04-10 16:09:56</subfield>
    <subfield code="w">2026-04-10</subfield>
    <subfield code="y">RN</subfield>
  </datafield>
  <datafield tag="952" ind1=" " ind2=" ">
    <subfield code="0">0</subfield>
    <subfield code="1">0</subfield>
    <subfield code="4">0</subfield>
    <subfield code="7">0</subfield>
    <subfield code="a">BCEJYS</subfield>
    <subfield code="b">BCEJYS</subfield>
    <subfield code="c">17</subfield>
    <subfield code="d">2000-05-26</subfield>
    <subfield code="h">Vol. 30, N&#xBA; 14 - mayo 2000</subfield>
    <subfield code="l">0</subfield>
    <subfield code="o">H070 CHI v30.n14</subfield>
    <subfield code="p">R20100</subfield>
    <subfield code="r">2026-04-10 16:09:56</subfield>
    <subfield code="w">2026-04-10</subfield>
    <subfield code="y">RN</subfield>
  </datafield>
  <datafield tag="952" ind1=" " ind2=" ">
    <subfield code="0">0</subfield>
    <subfield code="1">0</subfield>
    <subfield code="4">0</subfield>
    <subfield code="7">0</subfield>
    <subfield code="a">BCEJYS</subfield>
    <subfield code="b">BCEJYS</subfield>
    <subfield code="c">17</subfield>
    <subfield code="d">2000-05-16</subfield>
    <subfield code="h">Vol. 30, N&#xBA; 13 - mayo 2000</subfield>
    <subfield code="l">0</subfield>
    <subfield code="o">H070 CHI v30.n13</subfield>
    <subfield code="p">R20099</subfield>
    <subfield code="r">2026-04-10 16:09:56</subfield>
    <subfield code="w">2026-04-10</subfield>
    <subfield code="y">RN</subfield>
  </datafield>
  <datafield tag="952" ind1=" " ind2=" ">
    <subfield code="0">0</subfield>
    <subfield code="1">0</subfield>
    <subfield code="4">0</subfield>
    <subfield code="7">0</subfield>
    <subfield code="a">BCEJYS</subfield>
    <subfield code="b">BCEJYS</subfield>
    <subfield code="c">17</subfield>
    <subfield code="d">2000-05-06</subfield>
    <subfield code="h">Vol. 30, N&#xBA; 12 - mayo 2000</subfield>
    <subfield code="l">0</subfield>
    <subfield code="o">H070 CHI v30.n12</subfield>
    <subfield code="p">R20098</subfield>
    <subfield code="r">2026-04-10 16:09:56</subfield>
    <subfield code="w">2026-04-10</subfield>
    <subfield code="y">RN</subfield>
  </datafield>
  <datafield tag="952" ind1=" " ind2=" ">
    <subfield code="0">0</subfield>
    <subfield code="1">0</subfield>
    <subfield code="4">0</subfield>
    <subfield code="7">0</subfield>
    <subfield code="a">BCEJYS</subfield>
    <subfield code="b">BCEJYS</subfield>
    <subfield code="c">17</subfield>
    <subfield code="d">2000-04-26</subfield>
    <subfield code="h">Vol. 30, N&#xBA; 11 - abr. 2000</subfield>
    <subfield code="l">0</subfield>
    <subfield code="o">H070 CHI v30.n11</subfield>
    <subfield code="p">R20097</subfield>
    <subfield code="r">2026-04-10 16:09:56</subfield>
    <subfield code="w">2026-04-10</subfield>
    <subfield code="y">RN</subfield>
  </datafield>
  <datafield tag="952" ind1=" " ind2=" ">
    <subfield code="0">0</subfield>
    <subfield code="1">0</subfield>
    <subfield code="4">0</subfield>
    <subfield code="7">0</subfield>
    <subfield code="a">BCEJYS</subfield>
    <subfield code="b">BCEJYS</subfield>
    <subfield code="c">17</subfield>
    <subfield code="d">2000-04-16</subfield>
    <subfield code="h">Vol. 30, N&#xBA; 10 - abr. 2000</subfield>
    <subfield code="l">0</subfield>
    <subfield code="o">H070 CHI v30.n10</subfield>
    <subfield code="p">R20096</subfield>
    <subfield code="r">2026-04-10 16:09:56</subfield>
    <subfield code="w">2026-04-10</subfield>
    <subfield code="y">RN</subfield>
  </datafield>
  <datafield tag="952" ind1=" " ind2=" ">
    <subfield code="0">0</subfield>
    <subfield code="1">0</subfield>
    <subfield code="4">0</subfield>
    <subfield code="7">0</subfield>
    <subfield code="a">BCEJYS</subfield>
    <subfield code="b">BCEJYS</subfield>
    <subfield code="c">17</subfield>
    <subfield code="d">2000-04-06</subfield>
    <subfield code="h">Vol. 30, N&#xBA; 9 - abr. 2000</subfield>
    <subfield code="l">0</subfield>
    <subfield code="o">H070 CHI v30.n9</subfield>
    <subfield code="p">R20095</subfield>
    <subfield code="r">2026-04-10 16:09:56</subfield>
    <subfield code="w">2026-04-10</subfield>
    <subfield code="y">RN</subfield>
  </datafield>
  <datafield tag="952" ind1=" " ind2=" ">
    <subfield code="0">0</subfield>
    <subfield code="1">0</subfield>
    <subfield code="4">0</subfield>
    <subfield code="7">0</subfield>
    <subfield code="a">BCEJYS</subfield>
    <subfield code="b">BCEJYS</subfield>
    <subfield code="c">17</subfield>
    <subfield code="d">2000-03-26</subfield>
    <subfield code="h">Vol. 30, N&#xBA; 8 - mar. 2000</subfield>
    <subfield code="l">0</subfield>
    <subfield code="o">H070 CHI v30.n8</subfield>
    <subfield code="p">R20094</subfield>
    <subfield code="r">2026-04-10 16:09:56</subfield>
    <subfield code="w">2026-04-10</subfield>
    <subfield code="y">RN</subfield>
  </datafield>
  <datafield tag="952" ind1=" " ind2=" ">
    <subfield code="0">0</subfield>
    <subfield code="1">0</subfield>
    <subfield code="4">0</subfield>
    <subfield code="7">0</subfield>
    <subfield code="a">BCEJYS</subfield>
    <subfield code="b">BCEJYS</subfield>
    <subfield code="c">17</subfield>
    <subfield code="d">2000-03-16</subfield>
    <subfield code="h">Vol. 30, N&#xBA; 7 - mar. 2000</subfield>
    <subfield code="l">0</subfield>
    <subfield code="o">H070 CHI v30.n7</subfield>
    <subfield code="p">R20093</subfield>
    <subfield code="r">2026-04-10 16:09:56</subfield>
    <subfield code="w">2026-04-10</subfield>
    <subfield code="y">RN</subfield>
  </datafield>
  <datafield tag="952" ind1=" " ind2=" ">
    <subfield code="0">0</subfield>
    <subfield code="1">0</subfield>
    <subfield code="4">0</subfield>
    <subfield code="7">0</subfield>
    <subfield code="a">BCEJYS</subfield>
    <subfield code="b">BCEJYS</subfield>
    <subfield code="c">17</subfield>
    <subfield code="d">2000-03-06</subfield>
    <subfield code="h">Vol. 30, N&#xBA; 6 - mar. 2000</subfield>
    <subfield code="l">0</subfield>
    <subfield code="o">H070 CHI v30.n6</subfield>
    <subfield code="p">R20092</subfield>
    <subfield code="r">2026-04-10 16:09:56</subfield>
    <subfield code="w">2026-04-10</subfield>
    <subfield code="y">RN</subfield>
  </datafield>
  <datafield tag="952" ind1=" " ind2=" ">
    <subfield code="0">0</subfield>
    <subfield code="1">0</subfield>
    <subfield code="4">0</subfield>
    <subfield code="7">0</subfield>
    <subfield code="a">BCEJYS</subfield>
    <subfield code="b">BCEJYS</subfield>
    <subfield code="c">17</subfield>
    <subfield code="d">2000-02-26</subfield>
    <subfield code="h">Vol. 30, N&#xBA; 5 - feb. 2000</subfield>
    <subfield code="l">0</subfield>
    <subfield code="o">H070 CHI v30.n5</subfield>
    <subfield code="p">R20091</subfield>
    <subfield code="r">2026-04-10 16:09:56</subfield>
    <subfield code="w">2026-04-10</subfield>
    <subfield code="y">RN</subfield>
  </datafield>
  <datafield tag="952" ind1=" " ind2=" ">
    <subfield code="0">0</subfield>
    <subfield code="1">0</subfield>
    <subfield code="4">0</subfield>
    <subfield code="7">0</subfield>
    <subfield code="a">BCEJYS</subfield>
    <subfield code="b">BCEJYS</subfield>
    <subfield code="c">17</subfield>
    <subfield code="d">2000-02-06</subfield>
    <subfield code="h">Vol. 30, N&#xBA; 4 - feb. 2000</subfield>
    <subfield code="l">0</subfield>
    <subfield code="o">H070 CHI v30.n4</subfield>
    <subfield code="p">R20090</subfield>
    <subfield code="r">2026-04-10 16:09:56</subfield>
    <subfield code="w">2026-04-10</subfield>
    <subfield code="y">RN</subfield>
  </datafield>
  <datafield tag="952" ind1=" " ind2=" ">
    <subfield code="0">0</subfield>
    <subfield code="1">0</subfield>
    <subfield code="4">0</subfield>
    <subfield code="7">0</subfield>
    <subfield code="a">BCEJYS</subfield>
    <subfield code="b">BCEJYS</subfield>
    <subfield code="c">17</subfield>
    <subfield code="d">2000-01-26</subfield>
    <subfield code="h">Vol. 30, N&#xBA; 3 - ene. 2000</subfield>
    <subfield code="l">0</subfield>
    <subfield code="o">H070 CHI v30.n3</subfield>
    <subfield code="p">R20089</subfield>
    <subfield code="r">2026-04-10 16:09:56</subfield>
    <subfield code="w">2026-04-10</subfield>
    <subfield code="y">RN</subfield>
  </datafield>
  <datafield tag="952" ind1=" " ind2=" ">
    <subfield code="0">0</subfield>
    <subfield code="1">0</subfield>
    <subfield code="4">0</subfield>
    <subfield code="7">0</subfield>
    <subfield code="a">BCEJYS</subfield>
    <subfield code="b">BCEJYS</subfield>
    <subfield code="c">17</subfield>
    <subfield code="d">2000-01-16</subfield>
    <subfield code="h">Vol. 30, N&#xBA; 2 - ene. 2000</subfield>
    <subfield code="l">0</subfield>
    <subfield code="o">H070 CHI v30.n2</subfield>
    <subfield code="p">R20088</subfield>
    <subfield code="r">2026-04-10 16:09:56</subfield>
    <subfield code="w">2026-04-10</subfield>
    <subfield code="y">RN</subfield>
  </datafield>
  <datafield tag="952" ind1=" " ind2=" ">
    <subfield code="0">0</subfield>
    <subfield code="1">0</subfield>
    <subfield code="4">0</subfield>
    <subfield code="7">0</subfield>
    <subfield code="a">BCEJYS</subfield>
    <subfield code="b">BCEJYS</subfield>
    <subfield code="c">17</subfield>
    <subfield code="d">2000-01-06</subfield>
    <subfield code="h">Vol. 30, N&#xBA; 1 - ene. 2000</subfield>
    <subfield code="l">0</subfield>
    <subfield code="o">H070 CHI v30.n1</subfield>
    <subfield code="p">R20087</subfield>
    <subfield code="r">2026-04-10 16:09:56</subfield>
    <subfield code="w">2026-04-10</subfield>
    <subfield code="y">RN</subfield>
  </datafield>
  <datafield tag="952" ind1=" " ind2=" ">
    <subfield code="0">0</subfield>
    <subfield code="1">0</subfield>
    <subfield code="4">0</subfield>
    <subfield code="7">0</subfield>
    <subfield code="a">BCEJYS</subfield>
    <subfield code="b">BCEJYS</subfield>
    <subfield code="c">17</subfield>
    <subfield code="d">1999-12-26</subfield>
    <subfield code="h">Vol. 29, N&#xBA; 35 - dic. 1999</subfield>
    <subfield code="l">0</subfield>
    <subfield code="o">H070 CHI v29.n35</subfield>
    <subfield code="p">R20086</subfield>
    <subfield code="r">2026-04-10 16:09:56</subfield>
    <subfield code="w">2026-04-10</subfield>
    <subfield code="y">RN</subfield>
  </datafield>
  <datafield tag="952" ind1=" " ind2=" ">
    <subfield code="0">0</subfield>
    <subfield code="1">0</subfield>
    <subfield code="4">0</subfield>
    <subfield code="7">0</subfield>
    <subfield code="a">BCEJYS</subfield>
    <subfield code="b">BCEJYS</subfield>
    <subfield code="c">17</subfield>
    <subfield code="d">1999-12-16</subfield>
    <subfield code="h">Vol. 29, N&#xBA; 34 - dic. 1999</subfield>
    <subfield code="l">0</subfield>
    <subfield code="o">H070 CHI v29.n34</subfield>
    <subfield code="p">R20085</subfield>
    <subfield code="r">2026-04-10 16:09:56</subfield>
    <subfield code="w">2026-04-10</subfield>
    <subfield code="y">RN</subfield>
  </datafield>
  <datafield tag="952" ind1=" " ind2=" ">
    <subfield code="0">0</subfield>
    <subfield code="1">0</subfield>
    <subfield code="4">0</subfield>
    <subfield code="7">0</subfield>
    <subfield code="a">BCEJYS</subfield>
    <subfield code="b">BCEJYS</subfield>
    <subfield code="c">17</subfield>
    <subfield code="d">1999-12-06</subfield>
    <subfield code="h">Vol. 29, N&#xBA; 33 - dic. 1999</subfield>
    <subfield code="l">0</subfield>
    <subfield code="o">H070 CHI v29.n33</subfield>
    <subfield code="p">R20084</subfield>
    <subfield code="r">2026-04-10 16:09:56</subfield>
    <subfield code="w">2026-04-10</subfield>
    <subfield code="y">RN</subfield>
  </datafield>
  <datafield tag="952" ind1=" " ind2=" ">
    <subfield code="0">0</subfield>
    <subfield code="1">0</subfield>
    <subfield code="4">0</subfield>
    <subfield code="7">0</subfield>
    <subfield code="a">BCEJYS</subfield>
    <subfield code="b">BCEJYS</subfield>
    <subfield code="c">17</subfield>
    <subfield code="d">1999-11-26</subfield>
    <subfield code="h">Vol. 29, N&#xBA; 32 - nov. 1999</subfield>
    <subfield code="l">0</subfield>
    <subfield code="o">H070 CHI v29.n32</subfield>
    <subfield code="p">R20083</subfield>
    <subfield code="r">2026-04-10 16:09:56</subfield>
    <subfield code="w">2026-04-10</subfield>
    <subfield code="y">RN</subfield>
  </datafield>
  <datafield tag="952" ind1=" " ind2=" ">
    <subfield code="0">0</subfield>
    <subfield code="1">0</subfield>
    <subfield code="4">0</subfield>
    <subfield code="7">0</subfield>
    <subfield code="a">BCEJYS</subfield>
    <subfield code="b">BCEJYS</subfield>
    <subfield code="c">17</subfield>
    <subfield code="d">1999-11-16</subfield>
    <subfield code="h">Vol. 29, N&#xBA; 31 - nov. 1999</subfield>
    <subfield code="l">0</subfield>
    <subfield code="o">H070 CHI v29.n31</subfield>
    <subfield code="p">R20082</subfield>
    <subfield code="r">2026-04-10 16:09:56</subfield>
    <subfield code="w">2026-04-10</subfield>
    <subfield code="y">RN</subfield>
  </datafield>
  <datafield tag="952" ind1=" " ind2=" ">
    <subfield code="0">0</subfield>
    <subfield code="1">0</subfield>
    <subfield code="4">0</subfield>
    <subfield code="7">0</subfield>
    <subfield code="a">BCEJYS</subfield>
    <subfield code="b">BCEJYS</subfield>
    <subfield code="c">17</subfield>
    <subfield code="d">1999-11-06</subfield>
    <subfield code="h">Vol. 29, N&#xBA; 30 - nov. 1999</subfield>
    <subfield code="l">0</subfield>
    <subfield code="o">H070 CHI v29.n30</subfield>
    <subfield code="p">R20081</subfield>
    <subfield code="r">2026-04-10 16:09:56</subfield>
    <subfield code="w">2026-04-10</subfield>
    <subfield code="y">RN</subfield>
  </datafield>
  <datafield tag="952" ind1=" " ind2=" ">
    <subfield code="0">0</subfield>
    <subfield code="1">0</subfield>
    <subfield code="4">0</subfield>
    <subfield code="7">0</subfield>
    <subfield code="a">BCEJYS</subfield>
    <subfield code="b">BCEJYS</subfield>
    <subfield code="c">17</subfield>
    <subfield code="d">1999-10-06</subfield>
    <subfield code="h">Vol. 29, N&#xBA; 27 - oct. 1999</subfield>
    <subfield code="l">0</subfield>
    <subfield code="o">H070 CHI v29.n27</subfield>
    <subfield code="p">R20080</subfield>
    <subfield code="r">2026-04-10 16:09:56</subfield>
    <subfield code="w">2026-04-10</subfield>
    <subfield code="y">RN</subfield>
  </datafield>
  <datafield tag="952" ind1=" " ind2=" ">
    <subfield code="0">0</subfield>
    <subfield code="1">0</subfield>
    <subfield code="4">0</subfield>
    <subfield code="7">0</subfield>
    <subfield code="a">BCEJYS</subfield>
    <subfield code="b">BCEJYS</subfield>
    <subfield code="c">17</subfield>
    <subfield code="d">1999-09-26</subfield>
    <subfield code="h">Vol. 29, N&#xBA; 26 - sep. 1999</subfield>
    <subfield code="l">0</subfield>
    <subfield code="o">H070 CHI v29.n26</subfield>
    <subfield code="p">R20079</subfield>
    <subfield code="r">2026-04-10 16:09:56</subfield>
    <subfield code="w">2026-04-10</subfield>
    <subfield code="y">RN</subfield>
  </datafield>
  <datafield tag="952" ind1=" " ind2=" ">
    <subfield code="0">0</subfield>
    <subfield code="1">0</subfield>
    <subfield code="4">0</subfield>
    <subfield code="7">0</subfield>
    <subfield code="a">BCEJYS</subfield>
    <subfield code="b">BCEJYS</subfield>
    <subfield code="c">17</subfield>
    <subfield code="d">1999-09-16</subfield>
    <subfield code="h">Vol. 29, N&#xBA; 25 - sep. 1999</subfield>
    <subfield code="l">0</subfield>
    <subfield code="o">H070 CHI v29.n25</subfield>
    <subfield code="p">R20078</subfield>
    <subfield code="r">2026-04-10 16:09:56</subfield>
    <subfield code="w">2026-04-10</subfield>
    <subfield code="y">RN</subfield>
  </datafield>
  <datafield tag="952" ind1=" " ind2=" ">
    <subfield code="0">0</subfield>
    <subfield code="1">0</subfield>
    <subfield code="4">0</subfield>
    <subfield code="7">0</subfield>
    <subfield code="a">BCEJYS</subfield>
    <subfield code="b">BCEJYS</subfield>
    <subfield code="c">17</subfield>
    <subfield code="d">1999-09-06</subfield>
    <subfield code="h">Vol. 29, N&#xBA; 24 - sep. 1999</subfield>
    <subfield code="l">0</subfield>
    <subfield code="o">H070 CHI v29.n24</subfield>
    <subfield code="p">R20077</subfield>
    <subfield code="r">2026-04-10 16:09:56</subfield>
    <subfield code="w">2026-04-10</subfield>
    <subfield code="y">RN</subfield>
  </datafield>
  <datafield tag="952" ind1=" " ind2=" ">
    <subfield code="0">0</subfield>
    <subfield code="1">0</subfield>
    <subfield code="4">0</subfield>
    <subfield code="7">0</subfield>
    <subfield code="a">BCEJYS</subfield>
    <subfield code="b">BCEJYS</subfield>
    <subfield code="c">17</subfield>
    <subfield code="d">1999-08-26</subfield>
    <subfield code="h">Vol. 29, N&#xBA; 23 - ago. 1999</subfield>
    <subfield code="l">0</subfield>
    <subfield code="o">H070 CHI v29.n23</subfield>
    <subfield code="p">R20076</subfield>
    <subfield code="r">2026-04-10 16:09:56</subfield>
    <subfield code="w">2026-04-10</subfield>
    <subfield code="y">RN</subfield>
  </datafield>
  <datafield tag="952" ind1=" " ind2=" ">
    <subfield code="0">0</subfield>
    <subfield code="1">0</subfield>
    <subfield code="4">0</subfield>
    <subfield code="7">0</subfield>
    <subfield code="a">BCEJYS</subfield>
    <subfield code="b">BCEJYS</subfield>
    <subfield code="c">17</subfield>
    <subfield code="d">1999-08-16</subfield>
    <subfield code="h">Vol. 29, N&#xBA; 22 - ago. 1999</subfield>
    <subfield code="l">0</subfield>
    <subfield code="o">H070 CHI v29.n22</subfield>
    <subfield code="p">R20075</subfield>
    <subfield code="r">2026-04-10 16:09:56</subfield>
    <subfield code="w">2026-04-10</subfield>
    <subfield code="y">RN</subfield>
  </datafield>
  <datafield tag="952" ind1=" " ind2=" ">
    <subfield code="0">0</subfield>
    <subfield code="1">0</subfield>
    <subfield code="4">0</subfield>
    <subfield code="7">0</subfield>
    <subfield code="a">BCEJYS</subfield>
    <subfield code="b">BCEJYS</subfield>
    <subfield code="c">17</subfield>
    <subfield code="d">1999-08-06</subfield>
    <subfield code="h">Vol. 29, N&#xBA; 21 - ago. 1999</subfield>
    <subfield code="l">0</subfield>
    <subfield code="o">H070 CHI v29.n21</subfield>
    <subfield code="p">R20074</subfield>
    <subfield code="r">2026-04-10 16:09:56</subfield>
    <subfield code="w">2026-04-10</subfield>
    <subfield code="y">RN</subfield>
  </datafield>
  <datafield tag="952" ind1=" " ind2=" ">
    <subfield code="0">0</subfield>
    <subfield code="1">0</subfield>
    <subfield code="4">0</subfield>
    <subfield code="7">0</subfield>
    <subfield code="a">BCEJYS</subfield>
    <subfield code="b">BCEJYS</subfield>
    <subfield code="c">17</subfield>
    <subfield code="d">1999-07-26</subfield>
    <subfield code="h">Vol. 29, N&#xBA; 20 - jul. 1999</subfield>
    <subfield code="l">0</subfield>
    <subfield code="o">H070 CHI v29.n20</subfield>
    <subfield code="p">R20073</subfield>
    <subfield code="r">2026-04-10 16:09:56</subfield>
    <subfield code="w">2026-04-10</subfield>
    <subfield code="y">RN</subfield>
  </datafield>
  <datafield tag="952" ind1=" " ind2=" ">
    <subfield code="0">0</subfield>
    <subfield code="1">0</subfield>
    <subfield code="4">0</subfield>
    <subfield code="7">0</subfield>
    <subfield code="a">BCEJYS</subfield>
    <subfield code="b">BCEJYS</subfield>
    <subfield code="c">17</subfield>
    <subfield code="d">1999-07-16</subfield>
    <subfield code="h">Vol. 29, N&#xBA;19 - jul. 1999</subfield>
    <subfield code="l">0</subfield>
    <subfield code="o">H070 CHI v29.n19</subfield>
    <subfield code="p">R20072</subfield>
    <subfield code="r">2026-04-10 16:09:56</subfield>
    <subfield code="w">2026-04-10</subfield>
    <subfield code="y">RN</subfield>
  </datafield>
  <datafield tag="952" ind1=" " ind2=" ">
    <subfield code="0">0</subfield>
    <subfield code="1">0</subfield>
    <subfield code="4">0</subfield>
    <subfield code="7">0</subfield>
    <subfield code="a">BCEJYS</subfield>
    <subfield code="b">BCEJYS</subfield>
    <subfield code="c">17</subfield>
    <subfield code="d">1999-07-06</subfield>
    <subfield code="h">Vol. 29, N&#xBA;18 - jul. 1999</subfield>
    <subfield code="l">0</subfield>
    <subfield code="o">H070 CHI v29.n18</subfield>
    <subfield code="p">R20071</subfield>
    <subfield code="r">2026-04-10 16:09:56</subfield>
    <subfield code="w">2026-04-10</subfield>
    <subfield code="y">RN</subfield>
  </datafield>
  <datafield tag="952" ind1=" " ind2=" ">
    <subfield code="0">0</subfield>
    <subfield code="1">0</subfield>
    <subfield code="4">0</subfield>
    <subfield code="7">0</subfield>
    <subfield code="a">BCEJYS</subfield>
    <subfield code="b">BCEJYS</subfield>
    <subfield code="c">17</subfield>
    <subfield code="d">1999-06-26</subfield>
    <subfield code="h">Vol. 29, N&#xBA;17 - jun. 1999</subfield>
    <subfield code="l">0</subfield>
    <subfield code="o">H070 CHI v29.n17</subfield>
    <subfield code="p">R20070</subfield>
    <subfield code="r">2026-04-10 16:09:56</subfield>
    <subfield code="w">2026-04-10</subfield>
    <subfield code="y">RN</subfield>
  </datafield>
  <datafield tag="952" ind1=" " ind2=" ">
    <subfield code="0">0</subfield>
    <subfield code="1">0</subfield>
    <subfield code="4">0</subfield>
    <subfield code="7">0</subfield>
    <subfield code="a">BCEJYS</subfield>
    <subfield code="b">BCEJYS</subfield>
    <subfield code="c">17</subfield>
    <subfield code="d">1999-06-16</subfield>
    <subfield code="h">Vol. 29, N&#xBA;16 - jun. 1999</subfield>
    <subfield code="l">0</subfield>
    <subfield code="o">H070 CHI v29.n16</subfield>
    <subfield code="p">R20069</subfield>
    <subfield code="r">2026-04-10 16:09:56</subfield>
    <subfield code="w">2026-04-10</subfield>
    <subfield code="y">RN</subfield>
  </datafield>
  <datafield tag="952" ind1=" " ind2=" ">
    <subfield code="0">0</subfield>
    <subfield code="1">0</subfield>
    <subfield code="4">0</subfield>
    <subfield code="7">0</subfield>
    <subfield code="a">BCEJYS</subfield>
    <subfield code="b">BCEJYS</subfield>
    <subfield code="c">17</subfield>
    <subfield code="d">1999-06-06</subfield>
    <subfield code="h">Vol. 29, N&#xBA;15 - jun. 1999</subfield>
    <subfield code="l">0</subfield>
    <subfield code="o">H070 CHI v29.n15</subfield>
    <subfield code="p">R20068</subfield>
    <subfield code="r">2026-04-10 16:09:56</subfield>
    <subfield code="w">2026-04-10</subfield>
    <subfield code="y">RN</subfield>
  </datafield>
  <datafield tag="952" ind1=" " ind2=" ">
    <subfield code="0">0</subfield>
    <subfield code="1">0</subfield>
    <subfield code="4">0</subfield>
    <subfield code="7">0</subfield>
    <subfield code="a">BCEJYS</subfield>
    <subfield code="b">BCEJYS</subfield>
    <subfield code="c">17</subfield>
    <subfield code="d">1999-05-26</subfield>
    <subfield code="h">Vol. 29, N&#xBA;14 - mayo 1999</subfield>
    <subfield code="l">0</subfield>
    <subfield code="o">H070 CHI v29.n14</subfield>
    <subfield code="p">R20067</subfield>
    <subfield code="r">2026-04-10 16:09:56</subfield>
    <subfield code="w">2026-04-10</subfield>
    <subfield code="y">RN</subfield>
  </datafield>
  <datafield tag="952" ind1=" " ind2=" ">
    <subfield code="0">0</subfield>
    <subfield code="1">0</subfield>
    <subfield code="4">0</subfield>
    <subfield code="7">0</subfield>
    <subfield code="a">BCEJYS</subfield>
    <subfield code="b">BCEJYS</subfield>
    <subfield code="c">17</subfield>
    <subfield code="d">1999-05-16</subfield>
    <subfield code="h">Vol. 29, N&#xBA;13 - mayo 1999</subfield>
    <subfield code="l">0</subfield>
    <subfield code="o">H070 CHI v29.n13</subfield>
    <subfield code="p">R20064</subfield>
    <subfield code="r">2026-04-10 16:09:56</subfield>
    <subfield code="w">2026-04-10</subfield>
    <subfield code="y">RN</subfield>
  </datafield>
  <datafield tag="952" ind1=" " ind2=" ">
    <subfield code="0">0</subfield>
    <subfield code="1">0</subfield>
    <subfield code="4">0</subfield>
    <subfield code="7">0</subfield>
    <subfield code="a">BCEJYS</subfield>
    <subfield code="b">BCEJYS</subfield>
    <subfield code="c">17</subfield>
    <subfield code="d">1999-05-06</subfield>
    <subfield code="h">Vol. 29, N&#xBA;12 - mayo 1999</subfield>
    <subfield code="l">0</subfield>
    <subfield code="o">H070 CHI v29.n12</subfield>
    <subfield code="p">R20061</subfield>
    <subfield code="r">2026-04-10 16:09:56</subfield>
    <subfield code="w">2026-04-10</subfield>
    <subfield code="y">RN</subfield>
  </datafield>
  <datafield tag="952" ind1=" " ind2=" ">
    <subfield code="0">0</subfield>
    <subfield code="1">0</subfield>
    <subfield code="4">0</subfield>
    <subfield code="7">0</subfield>
    <subfield code="a">BCEJYS</subfield>
    <subfield code="b">BCEJYS</subfield>
    <subfield code="c">17</subfield>
    <subfield code="d">1999-04-26</subfield>
    <subfield code="h">Vol. 29, N&#xBA;11 - abr. 1999</subfield>
    <subfield code="l">0</subfield>
    <subfield code="o">H070 CHI v29.n11</subfield>
    <subfield code="p">R20060</subfield>
    <subfield code="r">2026-04-10 16:09:56</subfield>
    <subfield code="w">2026-04-10</subfield>
    <subfield code="y">RN</subfield>
  </datafield>
  <datafield tag="952" ind1=" " ind2=" ">
    <subfield code="0">0</subfield>
    <subfield code="1">0</subfield>
    <subfield code="4">0</subfield>
    <subfield code="7">0</subfield>
    <subfield code="a">BCEJYS</subfield>
    <subfield code="b">BCEJYS</subfield>
    <subfield code="c">17</subfield>
    <subfield code="d">1999-04-16</subfield>
    <subfield code="h">Vol. 29, N&#xBA;10 - abr. 1999</subfield>
    <subfield code="l">0</subfield>
    <subfield code="o">H070 CHI v29.n10</subfield>
    <subfield code="p">R20059</subfield>
    <subfield code="r">2026-04-10 16:09:56</subfield>
    <subfield code="w">2026-04-10</subfield>
    <subfield code="y">RN</subfield>
  </datafield>
  <datafield tag="952" ind1=" " ind2=" ">
    <subfield code="0">0</subfield>
    <subfield code="1">0</subfield>
    <subfield code="4">0</subfield>
    <subfield code="7">0</subfield>
    <subfield code="a">BCEJYS</subfield>
    <subfield code="b">BCEJYS</subfield>
    <subfield code="c">17</subfield>
    <subfield code="d">1999-04-06</subfield>
    <subfield code="h">Vol. 29, N&#xBA;9 - abr. 1999</subfield>
    <subfield code="l">0</subfield>
    <subfield code="o">H070 CHI v29.n9</subfield>
    <subfield code="p">R20057</subfield>
    <subfield code="r">2026-04-10 16:09:56</subfield>
    <subfield code="w">2026-04-10</subfield>
    <subfield code="y">RN</subfield>
  </datafield>
  <datafield tag="952" ind1=" " ind2=" ">
    <subfield code="0">0</subfield>
    <subfield code="1">0</subfield>
    <subfield code="4">0</subfield>
    <subfield code="7">0</subfield>
    <subfield code="a">BCEJYS</subfield>
    <subfield code="b">BCEJYS</subfield>
    <subfield code="c">17</subfield>
    <subfield code="d">1999-03-26</subfield>
    <subfield code="h">Vol. 29, N&#xBA;8 - mar. 1999</subfield>
    <subfield code="l">0</subfield>
    <subfield code="o">H070 CHI v29.n8</subfield>
    <subfield code="p">R20055</subfield>
    <subfield code="r">2026-04-10 16:09:56</subfield>
    <subfield code="w">2026-04-10</subfield>
    <subfield code="y">RN</subfield>
  </datafield>
  <datafield tag="952" ind1=" " ind2=" ">
    <subfield code="0">0</subfield>
    <subfield code="1">0</subfield>
    <subfield code="4">0</subfield>
    <subfield code="7">0</subfield>
    <subfield code="a">BCEJYS</subfield>
    <subfield code="b">BCEJYS</subfield>
    <subfield code="c">17</subfield>
    <subfield code="d">1999-03-16</subfield>
    <subfield code="h">Vol. 29, N&#xBA;7 - mar. 1999</subfield>
    <subfield code="l">0</subfield>
    <subfield code="o">H070 CHI v29.n7</subfield>
    <subfield code="p">R20053</subfield>
    <subfield code="r">2026-04-10 16:09:56</subfield>
    <subfield code="w">2026-04-10</subfield>
    <subfield code="y">RN</subfield>
  </datafield>
  <datafield tag="952" ind1=" " ind2=" ">
    <subfield code="0">0</subfield>
    <subfield code="1">0</subfield>
    <subfield code="4">0</subfield>
    <subfield code="7">0</subfield>
    <subfield code="a">BCEJYS</subfield>
    <subfield code="b">BCEJYS</subfield>
    <subfield code="c">17</subfield>
    <subfield code="d">1999-03-06</subfield>
    <subfield code="h">Vol. 29, N&#xBA;6 - mar. 1999</subfield>
    <subfield code="l">0</subfield>
    <subfield code="o">H070 CHI v29.n6</subfield>
    <subfield code="p">R20052</subfield>
    <subfield code="r">2026-04-10 16:09:56</subfield>
    <subfield code="w">2026-04-10</subfield>
    <subfield code="y">RN</subfield>
  </datafield>
  <datafield tag="952" ind1=" " ind2=" ">
    <subfield code="0">0</subfield>
    <subfield code="1">0</subfield>
    <subfield code="4">0</subfield>
    <subfield code="7">0</subfield>
    <subfield code="a">BCEJYS</subfield>
    <subfield code="b">BCEJYS</subfield>
    <subfield code="c">17</subfield>
    <subfield code="d">1999-02-16</subfield>
    <subfield code="h">Vol. 29, N&#xBA;5 - feb. 1999</subfield>
    <subfield code="l">0</subfield>
    <subfield code="o">H070 CHI v29.n5</subfield>
    <subfield code="p">R20051</subfield>
    <subfield code="r">2026-04-10 16:09:56</subfield>
    <subfield code="w">2026-04-10</subfield>
    <subfield code="y">RN</subfield>
  </datafield>
  <datafield tag="952" ind1=" " ind2=" ">
    <subfield code="0">0</subfield>
    <subfield code="1">0</subfield>
    <subfield code="4">0</subfield>
    <subfield code="7">0</subfield>
    <subfield code="a">BCEJYS</subfield>
    <subfield code="b">BCEJYS</subfield>
    <subfield code="c">17</subfield>
    <subfield code="d">1999-02-06</subfield>
    <subfield code="h">Vol. 29, N&#xBA;4 - feb. 1999</subfield>
    <subfield code="l">0</subfield>
    <subfield code="o">H070 CHI v29.n4</subfield>
    <subfield code="p">R20050</subfield>
    <subfield code="r">2026-04-10 16:09:56</subfield>
    <subfield code="w">2026-04-10</subfield>
    <subfield code="y">RN</subfield>
  </datafield>
  <datafield tag="952" ind1=" " ind2=" ">
    <subfield code="0">0</subfield>
    <subfield code="1">0</subfield>
    <subfield code="4">0</subfield>
    <subfield code="7">0</subfield>
    <subfield code="a">BCEJYS</subfield>
    <subfield code="b">BCEJYS</subfield>
    <subfield code="c">17</subfield>
    <subfield code="d">1999-01-26</subfield>
    <subfield code="h">Vol. 29, N&#xBA;3 - ene. 1999</subfield>
    <subfield code="l">0</subfield>
    <subfield code="o">H070 CHI v29.n3</subfield>
    <subfield code="p">R20049</subfield>
    <subfield code="r">2026-04-10 16:09:56</subfield>
    <subfield code="w">2026-04-10</subfield>
    <subfield code="y">RN</subfield>
  </datafield>
  <datafield tag="952" ind1=" " ind2=" ">
    <subfield code="0">0</subfield>
    <subfield code="1">0</subfield>
    <subfield code="4">0</subfield>
    <subfield code="7">0</subfield>
    <subfield code="a">BCEJYS</subfield>
    <subfield code="b">BCEJYS</subfield>
    <subfield code="c">17</subfield>
    <subfield code="d">1999-01-16</subfield>
    <subfield code="h">Vol. 29, N&#xBA;2 - ene. 1999</subfield>
    <subfield code="l">0</subfield>
    <subfield code="o">H070 CHI v29.n2</subfield>
    <subfield code="p">R20048</subfield>
    <subfield code="r">2026-04-10 16:09:56</subfield>
    <subfield code="w">2026-04-10</subfield>
    <subfield code="y">RN</subfield>
  </datafield>
  <datafield tag="952" ind1=" " ind2=" ">
    <subfield code="0">0</subfield>
    <subfield code="1">0</subfield>
    <subfield code="4">0</subfield>
    <subfield code="7">0</subfield>
    <subfield code="a">BCEJYS</subfield>
    <subfield code="b">BCEJYS</subfield>
    <subfield code="c">17</subfield>
    <subfield code="d">1999-01-06</subfield>
    <subfield code="h">Vol. 29, N&#xBA;1 - ene. 1999</subfield>
    <subfield code="l">0</subfield>
    <subfield code="o">H070 CHI v29.n1</subfield>
    <subfield code="p">R20047</subfield>
    <subfield code="r">2026-04-10 16:09:56</subfield>
    <subfield code="w">2026-04-10</subfield>
    <subfield code="y">RN</subfield>
  </datafield>
  <datafield tag="952" ind1=" " ind2=" ">
    <subfield code="0">0</subfield>
    <subfield code="1">0</subfield>
    <subfield code="4">0</subfield>
    <subfield code="7">0</subfield>
    <subfield code="a">BCEJYS</subfield>
    <subfield code="b">BCEJYS</subfield>
    <subfield code="c">17</subfield>
    <subfield code="d">1998-12-26</subfield>
    <subfield code="h">Vol. 28, N&#xBA;35 - dic. 1998</subfield>
    <subfield code="l">0</subfield>
    <subfield code="o">H070 CHI v28.n35</subfield>
    <subfield code="p">R20046</subfield>
    <subfield code="r">2026-04-10 16:09:56</subfield>
    <subfield code="w">2026-04-10</subfield>
    <subfield code="y">RN</subfield>
  </datafield>
  <datafield tag="952" ind1=" " ind2=" ">
    <subfield code="0">0</subfield>
    <subfield code="1">0</subfield>
    <subfield code="4">0</subfield>
    <subfield code="7">0</subfield>
    <subfield code="a">BCEJYS</subfield>
    <subfield code="b">BCEJYS</subfield>
    <subfield code="c">17</subfield>
    <subfield code="d">1998-12-16</subfield>
    <subfield code="h">Vol. 28, N&#xBA;34 - dic. 1999</subfield>
    <subfield code="l">0</subfield>
    <subfield code="o">H070 CHI v28.n34</subfield>
    <subfield code="p">R20045</subfield>
    <subfield code="r">2026-04-10 16:09:56</subfield>
    <subfield code="w">2026-04-10</subfield>
    <subfield code="y">RN</subfield>
  </datafield>
  <datafield tag="952" ind1=" " ind2=" ">
    <subfield code="0">0</subfield>
    <subfield code="1">0</subfield>
    <subfield code="4">0</subfield>
    <subfield code="7">0</subfield>
    <subfield code="a">BCEJYS</subfield>
    <subfield code="b">BCEJYS</subfield>
    <subfield code="c">17</subfield>
    <subfield code="d">1998-12-06</subfield>
    <subfield code="h">Vol. 28, N&#xBA;33 - dic. 1998</subfield>
    <subfield code="l">0</subfield>
    <subfield code="o">H070 CHI v28.n33</subfield>
    <subfield code="p">R20044</subfield>
    <subfield code="r">2026-04-10 16:09:56</subfield>
    <subfield code="w">2026-04-10</subfield>
    <subfield code="y">RN</subfield>
  </datafield>
  <datafield tag="952" ind1=" " ind2=" ">
    <subfield code="0">0</subfield>
    <subfield code="1">0</subfield>
    <subfield code="4">0</subfield>
    <subfield code="7">0</subfield>
    <subfield code="a">BCEJYS</subfield>
    <subfield code="b">BCEJYS</subfield>
    <subfield code="c">17</subfield>
    <subfield code="d">1998-11-26</subfield>
    <subfield code="h">Vol. 28, N&#xBA;32 - nov. 1998</subfield>
    <subfield code="l">0</subfield>
    <subfield code="o">H070 CHI v28.n32</subfield>
    <subfield code="p">R20043</subfield>
    <subfield code="r">2026-04-10 16:09:56</subfield>
    <subfield code="w">2026-04-10</subfield>
    <subfield code="y">RN</subfield>
  </datafield>
  <datafield tag="952" ind1=" " ind2=" ">
    <subfield code="0">0</subfield>
    <subfield code="1">0</subfield>
    <subfield code="4">0</subfield>
    <subfield code="7">0</subfield>
    <subfield code="a">BCEJYS</subfield>
    <subfield code="b">BCEJYS</subfield>
    <subfield code="c">17</subfield>
    <subfield code="d">1998-11-16</subfield>
    <subfield code="h">Vol. 28, N&#xBA;31 - nov. 1998</subfield>
    <subfield code="l">0</subfield>
    <subfield code="o">H070 CHI v28.n31</subfield>
    <subfield code="p">R20042</subfield>
    <subfield code="r">2026-04-10 16:09:56</subfield>
    <subfield code="w">2026-04-10</subfield>
    <subfield code="y">RN</subfield>
  </datafield>
  <datafield tag="952" ind1=" " ind2=" ">
    <subfield code="0">0</subfield>
    <subfield code="1">0</subfield>
    <subfield code="4">0</subfield>
    <subfield code="7">0</subfield>
    <subfield code="a">BCEJYS</subfield>
    <subfield code="b">BCEJYS</subfield>
    <subfield code="c">17</subfield>
    <subfield code="d">1998-11-06</subfield>
    <subfield code="h">Vol. 28, N&#xBA;30 - nov. 1998</subfield>
    <subfield code="l">0</subfield>
    <subfield code="o">H070 CHI v28.n30</subfield>
    <subfield code="p">R20041</subfield>
    <subfield code="r">2026-04-10 16:09:56</subfield>
    <subfield code="w">2026-04-10</subfield>
    <subfield code="y">RN</subfield>
  </datafield>
  <datafield tag="952" ind1=" " ind2=" ">
    <subfield code="0">0</subfield>
    <subfield code="1">0</subfield>
    <subfield code="4">0</subfield>
    <subfield code="7">0</subfield>
    <subfield code="a">BCEJYS</subfield>
    <subfield code="b">BCEJYS</subfield>
    <subfield code="c">17</subfield>
    <subfield code="d">1998-10-26</subfield>
    <subfield code="h">Vol. 28, N&#xBA;29 - oct. 1998</subfield>
    <subfield code="l">0</subfield>
    <subfield code="o">H070 CHI v28.n29</subfield>
    <subfield code="p">R20040</subfield>
    <subfield code="r">2026-04-10 16:09:56</subfield>
    <subfield code="w">2026-04-10</subfield>
    <subfield code="y">RN</subfield>
  </datafield>
  <datafield tag="952" ind1=" " ind2=" ">
    <subfield code="0">0</subfield>
    <subfield code="1">0</subfield>
    <subfield code="4">0</subfield>
    <subfield code="7">0</subfield>
    <subfield code="a">BCEJYS</subfield>
    <subfield code="b">BCEJYS</subfield>
    <subfield code="c">17</subfield>
    <subfield code="d">1998-10-16</subfield>
    <subfield code="h">Vol. 28, N&#xBA;28 - oct. 1998</subfield>
    <subfield code="l">0</subfield>
    <subfield code="o">H070 CHI v28.n28</subfield>
    <subfield code="p">R20039</subfield>
    <subfield code="r">2026-04-10 16:09:56</subfield>
    <subfield code="w">2026-04-10</subfield>
    <subfield code="y">RN</subfield>
  </datafield>
  <datafield tag="952" ind1=" " ind2=" ">
    <subfield code="0">0</subfield>
    <subfield code="1">0</subfield>
    <subfield code="4">0</subfield>
    <subfield code="7">0</subfield>
    <subfield code="a">BCEJYS</subfield>
    <subfield code="b">BCEJYS</subfield>
    <subfield code="c">17</subfield>
    <subfield code="d">1998-10-06</subfield>
    <subfield code="h">Vol. 28, N&#xBA;27 - oct. 1998</subfield>
    <subfield code="l">0</subfield>
    <subfield code="o">H070 CHI v28.n27</subfield>
    <subfield code="p">R20038</subfield>
    <subfield code="r">2026-04-10 16:09:56</subfield>
    <subfield code="w">2026-04-10</subfield>
    <subfield code="y">RN</subfield>
  </datafield>
  <datafield tag="952" ind1=" " ind2=" ">
    <subfield code="0">0</subfield>
    <subfield code="1">0</subfield>
    <subfield code="4">0</subfield>
    <subfield code="7">0</subfield>
    <subfield code="a">BCEJYS</subfield>
    <subfield code="b">BCEJYS</subfield>
    <subfield code="c">17</subfield>
    <subfield code="d">1998-09-26</subfield>
    <subfield code="h">Vol. 28, N&#xBA;26 - sep. 1998</subfield>
    <subfield code="l">0</subfield>
    <subfield code="o">H070 CHI v28.n26</subfield>
    <subfield code="p">R20037</subfield>
    <subfield code="r">2026-04-10 16:09:56</subfield>
    <subfield code="w">2026-04-10</subfield>
    <subfield code="y">RN</subfield>
  </datafield>
  <datafield tag="952" ind1=" " ind2=" ">
    <subfield code="0">0</subfield>
    <subfield code="1">0</subfield>
    <subfield code="4">0</subfield>
    <subfield code="7">0</subfield>
    <subfield code="a">BCEJYS</subfield>
    <subfield code="b">BCEJYS</subfield>
    <subfield code="c">17</subfield>
    <subfield code="d">1998-09-16</subfield>
    <subfield code="h">Vol. 28, N&#xBA;25 - sep. 1998</subfield>
    <subfield code="l">0</subfield>
    <subfield code="o">H070 CHI v28.n25</subfield>
    <subfield code="p">R20036</subfield>
    <subfield code="r">2026-04-10 16:09:56</subfield>
    <subfield code="w">2026-04-10</subfield>
    <subfield code="y">RN</subfield>
  </datafield>
  <datafield tag="952" ind1=" " ind2=" ">
    <subfield code="0">0</subfield>
    <subfield code="1">0</subfield>
    <subfield code="4">0</subfield>
    <subfield code="7">0</subfield>
    <subfield code="a">BCEJYS</subfield>
    <subfield code="b">BCEJYS</subfield>
    <subfield code="c">17</subfield>
    <subfield code="d">1998-09-06</subfield>
    <subfield code="h">Vol. 28, N&#xBA;24 - sep. 1998</subfield>
    <subfield code="l">0</subfield>
    <subfield code="o">H070 CHI v28.n24</subfield>
    <subfield code="p">R20035</subfield>
    <subfield code="r">2026-04-10 16:09:57</subfield>
    <subfield code="w">2026-04-10</subfield>
    <subfield code="y">RN</subfield>
  </datafield>
  <datafield tag="952" ind1=" " ind2=" ">
    <subfield code="0">0</subfield>
    <subfield code="1">0</subfield>
    <subfield code="4">0</subfield>
    <subfield code="7">0</subfield>
    <subfield code="a">BCEJYS</subfield>
    <subfield code="b">BCEJYS</subfield>
    <subfield code="c">17</subfield>
    <subfield code="d">1998-08-26</subfield>
    <subfield code="h">Vol. 28, N&#xBA;23 - ago. 1998</subfield>
    <subfield code="l">0</subfield>
    <subfield code="o">H070 CHI v28.n23</subfield>
    <subfield code="p">R20034</subfield>
    <subfield code="r">2026-04-10 16:09:57</subfield>
    <subfield code="w">2026-04-10</subfield>
    <subfield code="y">RN</subfield>
  </datafield>
  <datafield tag="952" ind1=" " ind2=" ">
    <subfield code="0">0</subfield>
    <subfield code="1">0</subfield>
    <subfield code="4">0</subfield>
    <subfield code="7">0</subfield>
    <subfield code="a">BCEJYS</subfield>
    <subfield code="b">BCEJYS</subfield>
    <subfield code="c">17</subfield>
    <subfield code="d">1998-08-16</subfield>
    <subfield code="h">Vol. 28, N&#xBA;22 - ago. 1998</subfield>
    <subfield code="l">0</subfield>
    <subfield code="o">H070 CHI v28.n22</subfield>
    <subfield code="p">R20031</subfield>
    <subfield code="r">2026-04-10 16:09:57</subfield>
    <subfield code="w">2026-04-10</subfield>
    <subfield code="y">RN</subfield>
  </datafield>
  <datafield tag="952" ind1=" " ind2=" ">
    <subfield code="0">0</subfield>
    <subfield code="1">0</subfield>
    <subfield code="4">0</subfield>
    <subfield code="7">0</subfield>
    <subfield code="a">BCEJYS</subfield>
    <subfield code="b">BCEJYS</subfield>
    <subfield code="c">17</subfield>
    <subfield code="d">1998-08-06</subfield>
    <subfield code="h">Vol. 28, N&#xBA;21 - ago. 1998</subfield>
    <subfield code="l">0</subfield>
    <subfield code="o">H070 CHI v28.n21</subfield>
    <subfield code="p">R20030</subfield>
    <subfield code="r">2026-04-10 16:09:57</subfield>
    <subfield code="w">2026-04-10</subfield>
    <subfield code="y">RN</subfield>
  </datafield>
  <datafield tag="952" ind1=" " ind2=" ">
    <subfield code="0">0</subfield>
    <subfield code="1">0</subfield>
    <subfield code="4">0</subfield>
    <subfield code="7">0</subfield>
    <subfield code="a">BCEJYS</subfield>
    <subfield code="b">BCEJYS</subfield>
    <subfield code="c">17</subfield>
    <subfield code="d">1998-07-26</subfield>
    <subfield code="h">Vol. 28, N&#xBA;20 - jul. 1998</subfield>
    <subfield code="l">0</subfield>
    <subfield code="o">H070 CHI v28.n20</subfield>
    <subfield code="p">R20029</subfield>
    <subfield code="r">2026-04-10 16:09:57</subfield>
    <subfield code="w">2026-04-10</subfield>
    <subfield code="y">RN</subfield>
  </datafield>
  <datafield tag="952" ind1=" " ind2=" ">
    <subfield code="0">0</subfield>
    <subfield code="1">0</subfield>
    <subfield code="4">0</subfield>
    <subfield code="7">0</subfield>
    <subfield code="a">BCEJYS</subfield>
    <subfield code="b">BCEJYS</subfield>
    <subfield code="c">17</subfield>
    <subfield code="d">1998-07-16</subfield>
    <subfield code="h">Vol. 28, N&#xBA;19 - jul. 1998</subfield>
    <subfield code="l">0</subfield>
    <subfield code="o">H070 CHI v28.n19</subfield>
    <subfield code="p">R20028</subfield>
    <subfield code="r">2026-04-10 16:09:57</subfield>
    <subfield code="w">2026-04-10</subfield>
    <subfield code="y">RN</subfield>
  </datafield>
  <datafield tag="952" ind1=" " ind2=" ">
    <subfield code="0">0</subfield>
    <subfield code="1">0</subfield>
    <subfield code="4">0</subfield>
    <subfield code="7">0</subfield>
    <subfield code="a">BCEJYS</subfield>
    <subfield code="b">BCEJYS</subfield>
    <subfield code="c">17</subfield>
    <subfield code="d">1998-07-06</subfield>
    <subfield code="h">Vol. 28, N&#xBA;18 - jul. 1998</subfield>
    <subfield code="l">0</subfield>
    <subfield code="o">H070 CHI v28.n18</subfield>
    <subfield code="p">R20027</subfield>
    <subfield code="r">2026-04-10 16:09:57</subfield>
    <subfield code="w">2026-04-10</subfield>
    <subfield code="y">RN</subfield>
  </datafield>
  <datafield tag="952" ind1=" " ind2=" ">
    <subfield code="0">0</subfield>
    <subfield code="1">0</subfield>
    <subfield code="4">0</subfield>
    <subfield code="7">0</subfield>
    <subfield code="a">BCEJYS</subfield>
    <subfield code="b">BCEJYS</subfield>
    <subfield code="c">17</subfield>
    <subfield code="d">1998-06-26</subfield>
    <subfield code="h">Vol. 28, N&#xBA;17 - jun. 1998</subfield>
    <subfield code="l">0</subfield>
    <subfield code="o">H070 CHI v28.n17</subfield>
    <subfield code="p">R20026</subfield>
    <subfield code="r">2026-04-10 16:09:57</subfield>
    <subfield code="w">2026-04-10</subfield>
    <subfield code="y">RN</subfield>
  </datafield>
  <datafield tag="952" ind1=" " ind2=" ">
    <subfield code="0">0</subfield>
    <subfield code="1">0</subfield>
    <subfield code="4">0</subfield>
    <subfield code="7">0</subfield>
    <subfield code="a">BCEJYS</subfield>
    <subfield code="b">BCEJYS</subfield>
    <subfield code="c">17</subfield>
    <subfield code="d">1998-06-16</subfield>
    <subfield code="h">Vol. 28, N&#xBA;16 - jun. 1998</subfield>
    <subfield code="l">0</subfield>
    <subfield code="o">H070 CHI v28.n16</subfield>
    <subfield code="p">R20025</subfield>
    <subfield code="r">2026-04-10 16:09:57</subfield>
    <subfield code="w">2026-04-10</subfield>
    <subfield code="y">RN</subfield>
  </datafield>
  <datafield tag="952" ind1=" " ind2=" ">
    <subfield code="0">0</subfield>
    <subfield code="1">0</subfield>
    <subfield code="4">0</subfield>
    <subfield code="7">0</subfield>
    <subfield code="a">BCEJYS</subfield>
    <subfield code="b">BCEJYS</subfield>
    <subfield code="c">17</subfield>
    <subfield code="d">1998-06-06</subfield>
    <subfield code="h">Vol. 28, N&#xBA;15 - jun. 1998</subfield>
    <subfield code="l">0</subfield>
    <subfield code="o">H070 CHI v28.n15</subfield>
    <subfield code="p">R20024</subfield>
    <subfield code="r">2026-04-10 16:09:57</subfield>
    <subfield code="w">2026-04-10</subfield>
    <subfield code="y">RN</subfield>
  </datafield>
  <datafield tag="952" ind1=" " ind2=" ">
    <subfield code="0">0</subfield>
    <subfield code="1">0</subfield>
    <subfield code="4">0</subfield>
    <subfield code="7">0</subfield>
    <subfield code="a">BCEJYS</subfield>
    <subfield code="b">BCEJYS</subfield>
    <subfield code="c">17</subfield>
    <subfield code="d">1998-05-26</subfield>
    <subfield code="h">Vol. 28, N&#xBA;14 - mayo 1998</subfield>
    <subfield code="l">0</subfield>
    <subfield code="o">H070 CHI v28.n14</subfield>
    <subfield code="p">R20023</subfield>
    <subfield code="r">2026-04-10 16:09:57</subfield>
    <subfield code="w">2026-04-10</subfield>
    <subfield code="y">RN</subfield>
  </datafield>
  <datafield tag="952" ind1=" " ind2=" ">
    <subfield code="0">0</subfield>
    <subfield code="1">0</subfield>
    <subfield code="4">0</subfield>
    <subfield code="7">0</subfield>
    <subfield code="a">BCEJYS</subfield>
    <subfield code="b">BCEJYS</subfield>
    <subfield code="c">17</subfield>
    <subfield code="d">1998-05-16</subfield>
    <subfield code="h">Vol. 28, N&#xBA;13 - mayo 1998</subfield>
    <subfield code="l">0</subfield>
    <subfield code="o">H070 CHI v28.n13</subfield>
    <subfield code="p">R20022</subfield>
    <subfield code="r">2026-04-10 16:09:57</subfield>
    <subfield code="w">2026-04-10</subfield>
    <subfield code="y">RN</subfield>
  </datafield>
  <datafield tag="952" ind1=" " ind2=" ">
    <subfield code="0">0</subfield>
    <subfield code="1">0</subfield>
    <subfield code="4">0</subfield>
    <subfield code="7">0</subfield>
    <subfield code="a">BCEJYS</subfield>
    <subfield code="b">BCEJYS</subfield>
    <subfield code="c">17</subfield>
    <subfield code="d">1998-05-06</subfield>
    <subfield code="h">Vol. 28, N&#xBA;12 - mayo 1998</subfield>
    <subfield code="l">0</subfield>
    <subfield code="o">H070 CHI v28.n12</subfield>
    <subfield code="p">R20021</subfield>
    <subfield code="r">2026-04-10 16:09:57</subfield>
    <subfield code="w">2026-04-10</subfield>
    <subfield code="y">RN</subfield>
  </datafield>
  <datafield tag="952" ind1=" " ind2=" ">
    <subfield code="0">0</subfield>
    <subfield code="1">0</subfield>
    <subfield code="4">0</subfield>
    <subfield code="7">0</subfield>
    <subfield code="a">BCEJYS</subfield>
    <subfield code="b">BCEJYS</subfield>
    <subfield code="c">17</subfield>
    <subfield code="d">1998-04-26</subfield>
    <subfield code="h">Vol. 28, N&#xBA;11 - abr. 1998</subfield>
    <subfield code="l">0</subfield>
    <subfield code="o">H070 CHI v28.n11</subfield>
    <subfield code="p">R20020</subfield>
    <subfield code="r">2026-04-10 16:09:57</subfield>
    <subfield code="w">2026-04-10</subfield>
    <subfield code="y">RN</subfield>
  </datafield>
  <datafield tag="952" ind1=" " ind2=" ">
    <subfield code="0">0</subfield>
    <subfield code="1">0</subfield>
    <subfield code="4">0</subfield>
    <subfield code="7">0</subfield>
    <subfield code="a">BCEJYS</subfield>
    <subfield code="b">BCEJYS</subfield>
    <subfield code="c">17</subfield>
    <subfield code="d">1998-04-16</subfield>
    <subfield code="h">Vol. 28, N&#xBA;10 - abr. 1998</subfield>
    <subfield code="l">0</subfield>
    <subfield code="o">H070 CHI v28.n10</subfield>
    <subfield code="p">R20019</subfield>
    <subfield code="r">2026-04-10 16:09:57</subfield>
    <subfield code="w">2026-04-10</subfield>
    <subfield code="y">RN</subfield>
  </datafield>
  <datafield tag="952" ind1=" " ind2=" ">
    <subfield code="0">0</subfield>
    <subfield code="1">0</subfield>
    <subfield code="4">0</subfield>
    <subfield code="7">0</subfield>
    <subfield code="a">BCEJYS</subfield>
    <subfield code="b">BCEJYS</subfield>
    <subfield code="c">17</subfield>
    <subfield code="d">1998-03-26</subfield>
    <subfield code="h">Vol. 28, N&#xBA;8 - mar. 1998</subfield>
    <subfield code="l">0</subfield>
    <subfield code="o">H070 CHI v28.n8</subfield>
    <subfield code="p">R20018</subfield>
    <subfield code="r">2026-04-10 16:09:57</subfield>
    <subfield code="w">2026-04-10</subfield>
    <subfield code="y">RN</subfield>
  </datafield>
  <datafield tag="952" ind1=" " ind2=" ">
    <subfield code="0">0</subfield>
    <subfield code="1">0</subfield>
    <subfield code="4">0</subfield>
    <subfield code="7">0</subfield>
    <subfield code="a">BCEJYS</subfield>
    <subfield code="b">BCEJYS</subfield>
    <subfield code="c">17</subfield>
    <subfield code="d">1998-03-16</subfield>
    <subfield code="h">Vol. 28, N&#xBA;7 - mar. 1998</subfield>
    <subfield code="l">0</subfield>
    <subfield code="o">H070 CHI v28.n7</subfield>
    <subfield code="p">R20017</subfield>
    <subfield code="r">2026-04-10 16:09:57</subfield>
    <subfield code="w">2026-04-10</subfield>
    <subfield code="y">RN</subfield>
  </datafield>
  <datafield tag="952" ind1=" " ind2=" ">
    <subfield code="0">0</subfield>
    <subfield code="1">0</subfield>
    <subfield code="4">0</subfield>
    <subfield code="7">0</subfield>
    <subfield code="a">BCEJYS</subfield>
    <subfield code="b">BCEJYS</subfield>
    <subfield code="c">17</subfield>
    <subfield code="d">1998-03-06</subfield>
    <subfield code="h">Vol. 28, N&#xBA;6 - mar. 1998</subfield>
    <subfield code="l">0</subfield>
    <subfield code="o">H070 CHI v28.n6</subfield>
    <subfield code="p">R20016</subfield>
    <subfield code="r">2026-04-10 16:09:57</subfield>
    <subfield code="w">2026-04-10</subfield>
    <subfield code="y">RN</subfield>
  </datafield>
  <datafield tag="952" ind1=" " ind2=" ">
    <subfield code="0">0</subfield>
    <subfield code="1">0</subfield>
    <subfield code="4">0</subfield>
    <subfield code="7">0</subfield>
    <subfield code="a">BCEJYS</subfield>
    <subfield code="b">BCEJYS</subfield>
    <subfield code="c">17</subfield>
    <subfield code="d">1998-02-26</subfield>
    <subfield code="h">Vol. 28, N&#xBA;5 - feb. 1998</subfield>
    <subfield code="l">0</subfield>
    <subfield code="o">H070 CHI v28.n5</subfield>
    <subfield code="p">R20015</subfield>
    <subfield code="r">2026-04-10 16:09:57</subfield>
    <subfield code="w">2026-04-10</subfield>
    <subfield code="y">RN</subfield>
  </datafield>
  <datafield tag="952" ind1=" " ind2=" ">
    <subfield code="0">0</subfield>
    <subfield code="1">0</subfield>
    <subfield code="4">0</subfield>
    <subfield code="7">0</subfield>
    <subfield code="a">BCEJYS</subfield>
    <subfield code="b">BCEJYS</subfield>
    <subfield code="c">17</subfield>
    <subfield code="d">1997-07-16</subfield>
    <subfield code="h">Vol. 27, N&#xBA;19 - jul. 1997</subfield>
    <subfield code="l">0</subfield>
    <subfield code="o">H070 CHI v27.n19</subfield>
    <subfield code="p">R20014</subfield>
    <subfield code="r">2026-04-10 16:09:57</subfield>
    <subfield code="w">2026-04-10</subfield>
    <subfield code="y">RN</subfield>
  </datafield>
  <datafield tag="952" ind1=" " ind2=" ">
    <subfield code="0">0</subfield>
    <subfield code="1">0</subfield>
    <subfield code="4">0</subfield>
    <subfield code="7">0</subfield>
    <subfield code="a">BCEJYS</subfield>
    <subfield code="b">BCEJYS</subfield>
    <subfield code="c">17</subfield>
    <subfield code="d">1997-07-06</subfield>
    <subfield code="h">Vol. 27, N&#xBA;18 - jul. 1997</subfield>
    <subfield code="l">0</subfield>
    <subfield code="o">H070 CHI v27.n18</subfield>
    <subfield code="p">R20013</subfield>
    <subfield code="r">2026-04-10 16:09:57</subfield>
    <subfield code="w">2026-04-10</subfield>
    <subfield code="y">RN</subfield>
  </datafield>
  <datafield tag="952" ind1=" " ind2=" ">
    <subfield code="0">0</subfield>
    <subfield code="1">0</subfield>
    <subfield code="4">0</subfield>
    <subfield code="7">0</subfield>
    <subfield code="a">BCEJYS</subfield>
    <subfield code="b">BCEJYS</subfield>
    <subfield code="c">17</subfield>
    <subfield code="d">1997-06-06</subfield>
    <subfield code="h">Vol. 27, N&#xBA;15 - jun. 1997</subfield>
    <subfield code="l">0</subfield>
    <subfield code="o">H070 CHI v27.n15</subfield>
    <subfield code="p">R20012</subfield>
    <subfield code="r">2026-04-10 16:09:57</subfield>
    <subfield code="w">2026-04-10</subfield>
    <subfield code="y">RN</subfield>
  </datafield>
  <datafield tag="952" ind1=" " ind2=" ">
    <subfield code="0">0</subfield>
    <subfield code="1">0</subfield>
    <subfield code="4">0</subfield>
    <subfield code="7">0</subfield>
    <subfield code="a">BCEJYS</subfield>
    <subfield code="b">BCEJYS</subfield>
    <subfield code="c">17</subfield>
    <subfield code="d">1996-09-16</subfield>
    <subfield code="h">Vol. 26, N&#xBA;25 - sep. 1996</subfield>
    <subfield code="l">0</subfield>
    <subfield code="o">H070 CHI v26.n25</subfield>
    <subfield code="p">R20011</subfield>
    <subfield code="r">2026-04-10 16:09:57</subfield>
    <subfield code="w">2026-04-10</subfield>
    <subfield code="y">RN</subfield>
  </datafield>
  <datafield tag="952" ind1=" " ind2=" ">
    <subfield code="0">0</subfield>
    <subfield code="1">0</subfield>
    <subfield code="4">0</subfield>
    <subfield code="7">0</subfield>
    <subfield code="a">BCEJYS</subfield>
    <subfield code="b">BCEJYS</subfield>
    <subfield code="c">17</subfield>
    <subfield code="d">1996-09-06</subfield>
    <subfield code="h">Vol. 26, N&#xBA;24 - sep. 1996</subfield>
    <subfield code="l">0</subfield>
    <subfield code="o">H070 CHI v26.n24</subfield>
    <subfield code="p">R20010</subfield>
    <subfield code="r">2026-04-10 16:09:57</subfield>
    <subfield code="w">2026-04-10</subfield>
    <subfield code="y">RN</subfield>
  </datafield>
  <datafield tag="952" ind1=" " ind2=" ">
    <subfield code="0">0</subfield>
    <subfield code="1">0</subfield>
    <subfield code="4">0</subfield>
    <subfield code="7">0</subfield>
    <subfield code="a">BCEJYS</subfield>
    <subfield code="b">BCEJYS</subfield>
    <subfield code="c">17</subfield>
    <subfield code="d">1996-04-06</subfield>
    <subfield code="h">Vol. 26, N&#xBA;9 - abr. 1996</subfield>
    <subfield code="l">0</subfield>
    <subfield code="o">H070 CHI v26.n9</subfield>
    <subfield code="p">R20009</subfield>
    <subfield code="r">2026-04-10 16:09:57</subfield>
    <subfield code="w">2026-04-10</subfield>
    <subfield code="y">RN</subfield>
  </datafield>
  <datafield tag="952" ind1=" " ind2=" ">
    <subfield code="0">0</subfield>
    <subfield code="1">0</subfield>
    <subfield code="4">0</subfield>
    <subfield code="7">0</subfield>
    <subfield code="a">BCEJYS</subfield>
    <subfield code="b">BCEJYS</subfield>
    <subfield code="c">17</subfield>
    <subfield code="d">1995-03-16</subfield>
    <subfield code="h">Vol. 25, N&#xBA; 7 - mar. 1995</subfield>
    <subfield code="l">0</subfield>
    <subfield code="o">H070 CHI v25.n7</subfield>
    <subfield code="p">R20007</subfield>
    <subfield code="r">2026-04-10 16:09:57</subfield>
    <subfield code="w">2026-04-10</subfield>
    <subfield code="y">RN</subfield>
  </datafield>
  <datafield tag="952" ind1=" " ind2=" ">
    <subfield code="0">0</subfield>
    <subfield code="1">0</subfield>
    <subfield code="4">0</subfield>
    <subfield code="7">0</subfield>
    <subfield code="a">BCEJYS</subfield>
    <subfield code="b">BCEJYS</subfield>
    <subfield code="c">17</subfield>
    <subfield code="d">1995-03-06</subfield>
    <subfield code="h">Vol. 25, N&#xBA;6 - mar. 1995</subfield>
    <subfield code="l">0</subfield>
    <subfield code="o">H070 CHI v25.n6</subfield>
    <subfield code="p">R01516</subfield>
    <subfield code="r">2026-04-10 16:09:57</subfield>
    <subfield code="w">2026-04-10</subfield>
    <subfield code="y">RN</subfield>
  </datafield>
  <datafield tag="952" ind1=" " ind2=" ">
    <subfield code="0">0</subfield>
    <subfield code="1">0</subfield>
    <subfield code="4">0</subfield>
    <subfield code="7">0</subfield>
    <subfield code="a">BCEJYS</subfield>
    <subfield code="b">BCEJYS</subfield>
    <subfield code="c">17</subfield>
    <subfield code="d">1994-09-26</subfield>
    <subfield code="h">Vol. 24, N&#xBA;26 - sep. 1994</subfield>
    <subfield code="l">0</subfield>
    <subfield code="o">H070 CHI v24.n26</subfield>
    <subfield code="p">R00568</subfield>
    <subfield code="r">2026-04-10 16:09:57</subfield>
    <subfield code="w">2026-04-10</subfield>
    <subfield code="y">RN</subfield>
  </datafield>
</record>
